<?xml version="1.0" encoding="UTF-8"?>
<collection xmlns="http://www.loc.gov/MARC21/slim">
<record>
  <controlfield tag="001">1421667</controlfield>
  <controlfield tag="005">20241120153951.0</controlfield>
  <datafield tag="024" ind1="8" ind2=" ">
    <subfield code="a">oai:cds.cern.ch:1421667</subfield>
    <subfield code="p">cerncds:FULLTEXT</subfield>
  </datafield>
  <datafield tag="595" ind1=" " ind2=" ">
    <subfield code="a">CERN EDS</subfield>
  </datafield>
  <datafield tag="980" ind1=" " ind2=" ">
    <subfield code="a">PHOTOLAB</subfield>
  </datafield>
  <datafield tag="269" ind1=" " ind2=" ">
    <subfield code="c">04 Feb 2012</subfield>
  </datafield>
  <datafield tag="859" ind1=" " ind2=" ">
    <subfield code="f">maximilien.brice@cern.ch</subfield>
  </datafield>
  <datafield tag="037" ind1=" " ind2=" ">
    <subfield code="a">CERN-GE-1202007</subfield>
  </datafield>
  <datafield tag="542" ind1=" " ind2=" ">
    <subfield code="d">CERN</subfield>
    <subfield code="g">2012</subfield>
  </datafield>
  <datafield tag="520" ind1=" " ind2=" ">
    <subfield code="a">Twenty-two young scientists participated in the FameLab semi-final at CERN's Globe of Science and Innovation on 4 February, supported by a large audience and by more than 100 fans following via webcast. A panel of judges chose Lemmer and four other candidates to join five other semi-finalists at the national finals in Zurich on 30 March.</subfield>
  </datafield>
  <datafield tag="653" ind1="1" ind2=" ">
    <subfield code="9">CERN</subfield>
    <subfield code="a">FameLab</subfield>
  </datafield>
  <datafield tag="653" ind1="1" ind2=" ">
    <subfield code="9">CERN</subfield>
    <subfield code="a">Globe</subfield>
  </datafield>
  <datafield tag="773" ind1=" " ind2=" ">
    <subfield code="p">Watch the show</subfield>
    <subfield code="u">http://cdsweb.cern.ch/record/1421673</subfield>
  </datafield>
  <datafield tag="773" ind1=" " ind2=" ">
    <subfield code="p">More information</subfield>
    <subfield code="u">http://famelab.ch/index.php</subfield>
  </datafield>
  <datafield tag="773" ind1=" " ind2=" ">
    <subfield code="c">41</subfield>
    <subfield code="e">1734784</subfield>
    <subfield code="n">3</subfield>
    <subfield code="p">CERN Courier</subfield>
    <subfield code="v">52</subfield>
    <subfield code="y">2012</subfield>
  </datafield>
  <datafield tag="856" ind1="7" ind2=" ">
    <subfield code="2">MediaArchive</subfield>
    <subfield code="8">01</subfield>
    <subfield code="d">\\cern.ch\dfs\Services\MediaArchive\Photo\Masters\2012\1202007\1202007_01.jpg</subfield>
    <subfield code="x">Absolute master path</subfield>
  </datafield>
  <datafield tag="856" ind1="7" ind2=" ">
    <subfield code="2">MediaArchive</subfield>
    <subfield code="8">02</subfield>
    <subfield code="d">\\cern.ch\dfs\Services\MediaArchive\Photo\Masters\2012\1202007\1202007_02.jpg</subfield>
    <subfield code="x">Absolute master path</subfield>
  </datafield>
  <datafield tag="856" ind1="7" ind2=" ">
    <subfield code="2">MediaArchive</subfield>
    <subfield code="8">03</subfield>
    <subfield code="d">\\cern.ch\dfs\Services\MediaArchive\Photo\Masters\2012\1202007\1202007_03.jpg</subfield>
    <subfield code="x">Absolute master path</subfield>
  </datafield>
  <datafield tag="856" ind1="7" ind2=" ">
    <subfield code="2">MediaArchive</subfield>
    <subfield code="8">04</subfield>
    <subfield code="d">\\cern.ch\dfs\Services\MediaArchive\Photo\Masters\2012\1202007\1202007_04.jpg</subfield>
    <subfield code="x">Absolute master path</subfield>
  </datafield>
  <datafield tag="856" ind1="7" ind2=" ">
    <subfield code="2">MediaArchive</subfield>
    <subfield code="8">05</subfield>
    <subfield code="d">\\cern.ch\dfs\Services\MediaArchive\Photo\Masters\2012\1202007\1202007_05.jpg</subfield>
    <subfield code="x">Absolute master path</subfield>
  </datafield>
  <datafield tag="856" ind1="7" ind2=" ">
    <subfield code="2">MediaArchive</subfield>
    <subfield code="8">06</subfield>
    <subfield code="d">\\cern.ch\dfs\Services\MediaArchive\Photo\Masters\2012\1202007\1202007_06.jpg</subfield>
    <subfield code="x">Absolute master path</subfield>
  </datafield>
  <datafield tag="856" ind1="7" ind2=" ">
    <subfield code="2">MediaArchive</subfield>
    <subfield code="8">07</subfield>
    <subfield code="d">\\cern.ch\dfs\Services\MediaArchive\Photo\Masters\2012\1202007\1202007_07.jpg</subfield>
    <subfield code="x">Absolute master path</subfield>
  </datafield>
  <datafield tag="856" ind1="7" ind2=" ">
    <subfield code="2">MediaArchive</subfield>
    <subfield code="8">08</subfield>
    <subfield code="d">\\cern.ch\dfs\Services\MediaArchive\Photo\Masters\2012\1202007\1202007_08.jpg</subfield>
    <subfield code="x">Absolute master path</subfield>
  </datafield>
  <datafield tag="856" ind1="7" ind2=" ">
    <subfield code="2">MediaArchive</subfield>
    <subfield code="8">09</subfield>
    <subfield code="d">\\cern.ch\dfs\Services\MediaArchive\Photo\Masters\2012\1202007\1202007_09.jpg</subfield>
    <subfield code="x">Absolute master path</subfield>
  </datafield>
  <datafield tag="856" ind1="4" ind2=" ">
    <subfield code="8">2609999</subfield>
    <subfield code="s">5622401</subfield>
    <subfield code="u">http://cds.cern.ch/record/1421667/files/1202007_1.jpg</subfield>
    <subfield code="z">CDSINTERNAL|MediaArchive|Migrated from: \\cern.ch\dfs\Services\MediaArchive\Photo\Masters\2012\1202007\1202007_1.jpg</subfield>
  </datafield>
  <datafield tag="856" ind1="4" ind2=" ">
    <subfield code="8">2610000</subfield>
    <subfield code="s">10449924</subfield>
    <subfield code="u">http://cds.cern.ch/record/1421667/files/1202007_4.jpg</subfield>
    <subfield code="z">CDSINTERNAL|MediaArchive|Migrated from: \\cern.ch\dfs\Services\MediaArchive\Photo\Masters\2012\1202007\1202007_4.jpg</subfield>
  </datafield>
  <datafield tag="856" ind1="4" ind2=" ">
    <subfield code="8">2610001</subfield>
    <subfield code="s">6563473</subfield>
    <subfield code="u">http://cds.cern.ch/record/1421667/files/1202007_9.jpg</subfield>
    <subfield code="z">CDSINTERNAL|MediaArchive|Migrated from: \\cern.ch\dfs\Services\MediaArchive\Photo\Masters\2012\1202007\1202007_9.jpg</subfield>
  </datafield>
  <datafield tag="856" ind1="4" ind2=" ">
    <subfield code="8">2610002</subfield>
    <subfield code="s">9251106</subfield>
    <subfield code="u">http://cds.cern.ch/record/1421667/files/1202007_7.jpg</subfield>
    <subfield code="z">CDSINTERNAL|MediaArchive|Migrated from: \\cern.ch\dfs\Services\MediaArchive\Photo\Masters\2012\1202007\1202007_7.jpg</subfield>
  </datafield>
  <datafield tag="856" ind1="4" ind2=" ">
    <subfield code="8">2610003</subfield>
    <subfield code="s">10059978</subfield>
    <subfield code="u">http://cds.cern.ch/record/1421667/files/1202007_3.jpg</subfield>
    <subfield code="z">CDSINTERNAL|MediaArchive|Migrated from: \\cern.ch\dfs\Services\MediaArchive\Photo\Masters\2012\1202007\1202007_3.jpg</subfield>
  </datafield>
  <datafield tag="856" ind1="4" ind2=" ">
    <subfield code="8">2610004</subfield>
    <subfield code="s">10611597</subfield>
    <subfield code="u">http://cds.cern.ch/record/1421667/files/1202007_5.jpg</subfield>
    <subfield code="z">CDSINTERNAL|MediaArchive|Migrated from: \\cern.ch\dfs\Services\MediaArchive\Photo\Masters\2012\1202007\1202007_5.jpg</subfield>
  </datafield>
  <datafield tag="856" ind1="4" ind2=" ">
    <subfield code="8">2610005</subfield>
    <subfield code="s">9652473</subfield>
    <subfield code="u">http://cds.cern.ch/record/1421667/files/1202007_8.jpg</subfield>
    <subfield code="z">CDSINTERNAL|MediaArchive|Migrated from: \\cern.ch\dfs\Services\MediaArchive\Photo\Masters\2012\1202007\1202007_8.jpg</subfield>
  </datafield>
  <datafield tag="856" ind1="4" ind2=" ">
    <subfield code="8">2610006</subfield>
    <subfield code="s">9606883</subfield>
    <subfield code="u">http://cds.cern.ch/record/1421667/files/1202007_6.jpg</subfield>
    <subfield code="z">CDSINTERNAL|MediaArchive|Migrated from: \\cern.ch\dfs\Services\MediaArchive\Photo\Masters\2012\1202007\1202007_6.jpg</subfield>
  </datafield>
  <datafield tag="856" ind1="4" ind2=" ">
    <subfield code="8">2610007</subfield>
    <subfield code="s">9175081</subfield>
    <subfield code="u">http://cds.cern.ch/record/1421667/files/1202007_2.jpg</subfield>
    <subfield code="z">CDSINTERNAL|MediaArchive|Migrated from: \\cern.ch\dfs\Services\MediaArchive\Photo\Masters\2012\1202007\1202007_2.jpg</subfield>
  </datafield>
  <datafield tag="856" ind1="4" ind2=" ">
    <subfield code="8">2610008</subfield>
    <subfield code="s">12155763</subfield>
    <subfield code="u">http://cds.cern.ch/record/1421667/files/1202007_25.jpg</subfield>
    <subfield code="z">CDSINTERNAL|MediaArchive|Migrated from: \\cern.ch\dfs\Services\MediaArchive\Photo\Masters\2012\1202007\1202007_25.jpg</subfield>
  </datafield>
  <datafield tag="856" ind1="4" ind2=" ">
    <subfield code="8">2610009</subfield>
    <subfield code="s">10782332</subfield>
    <subfield code="u">http://cds.cern.ch/record/1421667/files/1202007_28.jpg</subfield>
    <subfield code="z">CDSINTERNAL|MediaArchive|Migrated from: \\cern.ch\dfs\Services\MediaArchive\Photo\Masters\2012\1202007\1202007_28.jpg</subfield>
  </datafield>
  <datafield tag="856" ind1="4" ind2=" ">
    <subfield code="8">2610010</subfield>
    <subfield code="s">11301992</subfield>
    <subfield code="u">http://cds.cern.ch/record/1421667/files/1202007_27.jpg</subfield>
    <subfield code="z">CDSINTERNAL|MediaArchive|Migrated from: \\cern.ch\dfs\Services\MediaArchive\Photo\Masters\2012\1202007\1202007_27.jpg</subfield>
  </datafield>
  <datafield tag="856" ind1="4" ind2=" ">
    <subfield code="8">2610011</subfield>
    <subfield code="s">11048520</subfield>
    <subfield code="u">http://cds.cern.ch/record/1421667/files/1202007_31.jpg</subfield>
    <subfield code="z">CDSINTERNAL|MediaArchive|Migrated from: \\cern.ch\dfs\Services\MediaArchive\Photo\Masters\2012\1202007\1202007_31.jpg</subfield>
  </datafield>
  <datafield tag="856" ind1="4" ind2=" ">
    <subfield code="8">2610012</subfield>
    <subfield code="s">10182084</subfield>
    <subfield code="u">http://cds.cern.ch/record/1421667/files/1202007_29.jpg</subfield>
    <subfield code="z">CDSINTERNAL|MediaArchive|Migrated from: \\cern.ch\dfs\Services\MediaArchive\Photo\Masters\2012\1202007\1202007_29.jpg</subfield>
  </datafield>
  <datafield tag="856" ind1="4" ind2=" ">
    <subfield code="8">2610013</subfield>
    <subfield code="s">9352935</subfield>
    <subfield code="u">http://cds.cern.ch/record/1421667/files/1202007_34.jpg</subfield>
    <subfield code="z">CDSINTERNAL|MediaArchive|Migrated from: \\cern.ch\dfs\Services\MediaArchive\Photo\Masters\2012\1202007\1202007_34.jpg</subfield>
  </datafield>
  <datafield tag="856" ind1="4" ind2=" ">
    <subfield code="8">2610014</subfield>
    <subfield code="s">11621574</subfield>
    <subfield code="u">http://cds.cern.ch/record/1421667/files/1202007_33.jpg</subfield>
    <subfield code="z">CDSINTERNAL|MediaArchive|Migrated from: \\cern.ch\dfs\Services\MediaArchive\Photo\Masters\2012\1202007\1202007_33.jpg</subfield>
  </datafield>
  <datafield tag="856" ind1="4" ind2=" ">
    <subfield code="8">2610015</subfield>
    <subfield code="s">8742840</subfield>
    <subfield code="u">http://cds.cern.ch/record/1421667/files/1202007_35.jpg</subfield>
    <subfield code="z">CDSINTERNAL|MediaArchive|Migrated from: \\cern.ch\dfs\Services\MediaArchive\Photo\Masters\2012\1202007\1202007_35.jpg</subfield>
  </datafield>
  <datafield tag="856" ind1="4" ind2=" ">
    <subfield code="8">2610016</subfield>
    <subfield code="s">9061087</subfield>
    <subfield code="u">http://cds.cern.ch/record/1421667/files/1202007_32.jpg</subfield>
    <subfield code="z">CDSINTERNAL|MediaArchive|Migrated from: \\cern.ch\dfs\Services\MediaArchive\Photo\Masters\2012\1202007\1202007_32.jpg</subfield>
  </datafield>
  <datafield tag="856" ind1="4" ind2=" ">
    <subfield code="8">2610017</subfield>
    <subfield code="s">10748646</subfield>
    <subfield code="u">http://cds.cern.ch/record/1421667/files/1202007_26.jpg</subfield>
    <subfield code="z">CDSINTERNAL|MediaArchive|Migrated from: \\cern.ch\dfs\Services\MediaArchive\Photo\Masters\2012\1202007\1202007_26.jpg</subfield>
  </datafield>
  <datafield tag="856" ind1="4" ind2=" ">
    <subfield code="8">2610018</subfield>
    <subfield code="s">11209483</subfield>
    <subfield code="u">http://cds.cern.ch/record/1421667/files/1202007_30.jpg</subfield>
    <subfield code="z">CDSINTERNAL|MediaArchive|Migrated from: \\cern.ch\dfs\Services\MediaArchive\Photo\Masters\2012\1202007\1202007_30.jpg</subfield>
  </datafield>
  <datafield tag="856" ind1="4" ind2=" ">
    <subfield code="8">2610019</subfield>
    <subfield code="s">8890749</subfield>
    <subfield code="u">http://cds.cern.ch/record/1421667/files/1202007_38.jpg</subfield>
    <subfield code="z">CDSINTERNAL|MediaArchive|Migrated from: \\cern.ch\dfs\Services\MediaArchive\Photo\Masters\2012\1202007\1202007_38.jpg</subfield>
  </datafield>
  <datafield tag="856" ind1="4" ind2=" ">
    <subfield code="8">2610020</subfield>
    <subfield code="s">9354219</subfield>
    <subfield code="u">http://cds.cern.ch/record/1421667/files/1202007_36.jpg</subfield>
    <subfield code="z">CDSINTERNAL|MediaArchive|Migrated from: \\cern.ch\dfs\Services\MediaArchive\Photo\Masters\2012\1202007\1202007_36.jpg</subfield>
  </datafield>
  <datafield tag="856" ind1="4" ind2=" ">
    <subfield code="8">2610021</subfield>
    <subfield code="s">9281412</subfield>
    <subfield code="u">http://cds.cern.ch/record/1421667/files/1202007_40.jpg</subfield>
    <subfield code="z">CDSINTERNAL|MediaArchive|Migrated from: \\cern.ch\dfs\Services\MediaArchive\Photo\Masters\2012\1202007\1202007_40.jpg</subfield>
  </datafield>
  <datafield tag="856" ind1="4" ind2=" ">
    <subfield code="8">2610022</subfield>
    <subfield code="s">11227117</subfield>
    <subfield code="u">http://cds.cern.ch/record/1421667/files/1202007_39.jpg</subfield>
    <subfield code="z">CDSINTERNAL|MediaArchive|Migrated from: \\cern.ch\dfs\Services\MediaArchive\Photo\Masters\2012\1202007\1202007_39.jpg</subfield>
  </datafield>
  <datafield tag="856" ind1="4" ind2=" ">
    <subfield code="8">2610023</subfield>
    <subfield code="s">9194317</subfield>
    <subfield code="u">http://cds.cern.ch/record/1421667/files/1202007_37.jpg</subfield>
    <subfield code="z">CDSINTERNAL|MediaArchive|Migrated from: \\cern.ch\dfs\Services\MediaArchive\Photo\Masters\2012\1202007\1202007_37.jpg</subfield>
  </datafield>
  <datafield tag="856" ind1="4" ind2=" ">
    <subfield code="8">2610024</subfield>
    <subfield code="s">9200288</subfield>
    <subfield code="u">http://cds.cern.ch/record/1421667/files/1202007_41.jpg</subfield>
    <subfield code="z">CDSINTERNAL|MediaArchive|Migrated from: \\cern.ch\dfs\Services\MediaArchive\Photo\Masters\2012\1202007\1202007_41.jpg</subfield>
  </datafield>
  <datafield tag="856" ind1="4" ind2=" ">
    <subfield code="8">2610025</subfield>
    <subfield code="s">9788128</subfield>
    <subfield code="u">http://cds.cern.ch/record/1421667/files/1202007_46.jpg</subfield>
    <subfield code="z">CDSINTERNAL|MediaArchive|Migrated from: \\cern.ch\dfs\Services\MediaArchive\Photo\Masters\2012\1202007\1202007_46.jpg</subfield>
  </datafield>
  <datafield tag="856" ind1="4" ind2=" ">
    <subfield code="8">2610026</subfield>
    <subfield code="s">11859123</subfield>
    <subfield code="u">http://cds.cern.ch/record/1421667/files/1202007_44.jpg</subfield>
    <subfield code="z">CDSINTERNAL|MediaArchive|Migrated from: \\cern.ch\dfs\Services\MediaArchive\Photo\Masters\2012\1202007\1202007_44.jpg</subfield>
  </datafield>
  <datafield tag="856" ind1="4" ind2=" ">
    <subfield code="8">2610027</subfield>
    <subfield code="s">10069000</subfield>
    <subfield code="u">http://cds.cern.ch/record/1421667/files/1202007_45.jpg</subfield>
    <subfield code="z">CDSINTERNAL|MediaArchive|Migrated from: \\cern.ch\dfs\Services\MediaArchive\Photo\Masters\2012\1202007\1202007_45.jpg</subfield>
  </datafield>
  <datafield tag="856" ind1="4" ind2=" ">
    <subfield code="8">2610028</subfield>
    <subfield code="s">10868310</subfield>
    <subfield code="u">http://cds.cern.ch/record/1421667/files/1202007_43.jpg</subfield>
    <subfield code="z">CDSINTERNAL|MediaArchive|Migrated from: \\cern.ch\dfs\Services\MediaArchive\Photo\Masters\2012\1202007\1202007_43.jpg</subfield>
  </datafield>
  <datafield tag="856" ind1="4" ind2=" ">
    <subfield code="8">2610029</subfield>
    <subfield code="s">9019364</subfield>
    <subfield code="u">http://cds.cern.ch/record/1421667/files/1202007_42.jpg</subfield>
    <subfield code="z">CDSINTERNAL|MediaArchive|Migrated from: \\cern.ch\dfs\Services\MediaArchive\Photo\Masters\2012\1202007\1202007_42.jpg</subfield>
  </datafield>
  <datafield tag="856" ind1="4" ind2=" ">
    <subfield code="8">2610030</subfield>
    <subfield code="s">9512477</subfield>
    <subfield code="u">http://cds.cern.ch/record/1421667/files/1202007_47.jpg</subfield>
    <subfield code="z">CDSINTERNAL|MediaArchive|Migrated from: \\cern.ch\dfs\Services\MediaArchive\Photo\Masters\2012\1202007\1202007_47.jpg</subfield>
  </datafield>
  <datafield tag="856" ind1="4" ind2=" ">
    <subfield code="8">2610031</subfield>
    <subfield code="s">10031792</subfield>
    <subfield code="u">http://cds.cern.ch/record/1421667/files/1202007_52.jpg</subfield>
    <subfield code="z">CDSINTERNAL|MediaArchive|Migrated from: \\cern.ch\dfs\Services\MediaArchive\Photo\Masters\2012\1202007\1202007_52.jpg</subfield>
  </datafield>
  <datafield tag="856" ind1="4" ind2=" ">
    <subfield code="8">2610032</subfield>
    <subfield code="s">9772749</subfield>
    <subfield code="u">http://cds.cern.ch/record/1421667/files/1202007_49.jpg</subfield>
    <subfield code="z">CDSINTERNAL|MediaArchive|Migrated from: \\cern.ch\dfs\Services\MediaArchive\Photo\Masters\2012\1202007\1202007_49.jpg</subfield>
  </datafield>
  <datafield tag="856" ind1="4" ind2=" ">
    <subfield code="8">2610033</subfield>
    <subfield code="s">10168581</subfield>
    <subfield code="u">http://cds.cern.ch/record/1421667/files/1202007_50.jpg</subfield>
    <subfield code="z">CDSINTERNAL|MediaArchive|Migrated from: \\cern.ch\dfs\Services\MediaArchive\Photo\Masters\2012\1202007\1202007_50.jpg</subfield>
  </datafield>
  <datafield tag="856" ind1="4" ind2=" ">
    <subfield code="8">2610034</subfield>
    <subfield code="s">9216852</subfield>
    <subfield code="u">http://cds.cern.ch/record/1421667/files/1202007_53.jpg</subfield>
    <subfield code="z">CDSINTERNAL|MediaArchive|Migrated from: \\cern.ch\dfs\Services\MediaArchive\Photo\Masters\2012\1202007\1202007_53.jpg</subfield>
  </datafield>
  <datafield tag="856" ind1="4" ind2=" ">
    <subfield code="8">2610035</subfield>
    <subfield code="s">11040050</subfield>
    <subfield code="u">http://cds.cern.ch/record/1421667/files/1202007_56.jpg</subfield>
    <subfield code="z">CDSINTERNAL|MediaArchive|Migrated from: \\cern.ch\dfs\Services\MediaArchive\Photo\Masters\2012\1202007\1202007_56.jpg</subfield>
  </datafield>
  <datafield tag="856" ind1="4" ind2=" ">
    <subfield code="8">2610036</subfield>
    <subfield code="s">8504683</subfield>
    <subfield code="u">http://cds.cern.ch/record/1421667/files/1202007_57.jpg</subfield>
    <subfield code="z">CDSINTERNAL|MediaArchive|Migrated from: \\cern.ch\dfs\Services\MediaArchive\Photo\Masters\2012\1202007\1202007_57.jpg</subfield>
  </datafield>
  <datafield tag="856" ind1="4" ind2=" ">
    <subfield code="8">2610037</subfield>
    <subfield code="s">9101241</subfield>
    <subfield code="u">http://cds.cern.ch/record/1421667/files/1202007_48.jpg</subfield>
    <subfield code="z">CDSINTERNAL|MediaArchive|Migrated from: \\cern.ch\dfs\Services\MediaArchive\Photo\Masters\2012\1202007\1202007_48.jpg</subfield>
  </datafield>
  <datafield tag="856" ind1="4" ind2=" ">
    <subfield code="8">2610038</subfield>
    <subfield code="s">9232542</subfield>
    <subfield code="u">http://cds.cern.ch/record/1421667/files/1202007_54.jpg</subfield>
    <subfield code="z">CDSINTERNAL|MediaArchive|Migrated from: \\cern.ch\dfs\Services\MediaArchive\Photo\Masters\2012\1202007\1202007_54.jpg</subfield>
  </datafield>
  <datafield tag="856" ind1="4" ind2=" ">
    <subfield code="8">2610039</subfield>
    <subfield code="s">5874718</subfield>
    <subfield code="u">http://cds.cern.ch/record/1421667/files/1202007_58.jpg</subfield>
    <subfield code="z">CDSINTERNAL|MediaArchive|Migrated from: \\cern.ch\dfs\Services\MediaArchive\Photo\Masters\2012\1202007\1202007_58.jpg</subfield>
  </datafield>
  <datafield tag="856" ind1="4" ind2=" ">
    <subfield code="8">2610040</subfield>
    <subfield code="s">11302182</subfield>
    <subfield code="u">http://cds.cern.ch/record/1421667/files/1202007_62.jpg</subfield>
    <subfield code="z">CDSINTERNAL|MediaArchive|Migrated from: \\cern.ch\dfs\Services\MediaArchive\Photo\Masters\2012\1202007\1202007_62.jpg</subfield>
  </datafield>
  <datafield tag="856" ind1="4" ind2=" ">
    <subfield code="8">2610041</subfield>
    <subfield code="s">8643234</subfield>
    <subfield code="u">http://cds.cern.ch/record/1421667/files/1202007_51.jpg</subfield>
    <subfield code="z">CDSINTERNAL|MediaArchive|Migrated from: \\cern.ch\dfs\Services\MediaArchive\Photo\Masters\2012\1202007\1202007_51.jpg</subfield>
  </datafield>
  <datafield tag="856" ind1="4" ind2=" ">
    <subfield code="8">2610042</subfield>
    <subfield code="s">8870491</subfield>
    <subfield code="u">http://cds.cern.ch/record/1421667/files/1202007_55.jpg</subfield>
    <subfield code="z">CDSINTERNAL|MediaArchive|Migrated from: \\cern.ch\dfs\Services\MediaArchive\Photo\Masters\2012\1202007\1202007_55.jpg</subfield>
  </datafield>
  <datafield tag="856" ind1="4" ind2=" ">
    <subfield code="8">2610043</subfield>
    <subfield code="s">10677548</subfield>
    <subfield code="u">http://cds.cern.ch/record/1421667/files/1202007_60.jpg</subfield>
    <subfield code="z">CDSINTERNAL|MediaArchive|Migrated from: \\cern.ch\dfs\Services\MediaArchive\Photo\Masters\2012\1202007\1202007_60.jpg</subfield>
  </datafield>
  <datafield tag="856" ind1="4" ind2=" ">
    <subfield code="8">2610044</subfield>
    <subfield code="s">11698807</subfield>
    <subfield code="u">http://cds.cern.ch/record/1421667/files/1202007_59.jpg</subfield>
    <subfield code="z">CDSINTERNAL|MediaArchive|Migrated from: \\cern.ch\dfs\Services\MediaArchive\Photo\Masters\2012\1202007\1202007_59.jpg</subfield>
  </datafield>
  <datafield tag="856" ind1="4" ind2=" ">
    <subfield code="8">2610045</subfield>
    <subfield code="s">11370982</subfield>
    <subfield code="u">http://cds.cern.ch/record/1421667/files/1202007_61.jpg</subfield>
    <subfield code="z">CDSINTERNAL|MediaArchive|Migrated from: \\cern.ch\dfs\Services\MediaArchive\Photo\Masters\2012\1202007\1202007_61.jpg</subfield>
  </datafield>
  <datafield tag="856" ind1="4" ind2=" ">
    <subfield code="8">2610046</subfield>
    <subfield code="s">9249461</subfield>
    <subfield code="u">http://cds.cern.ch/record/1421667/files/1202007_10.jpg</subfield>
    <subfield code="z">CDSINTERNAL|MediaArchive|Migrated from: \\cern.ch\dfs\Services\MediaArchive\Photo\Masters\2012\1202007\1202007_10.jpg</subfield>
  </datafield>
  <datafield tag="856" ind1="4" ind2=" ">
    <subfield code="8">2610047</subfield>
    <subfield code="s">8089883</subfield>
    <subfield code="u">http://cds.cern.ch/record/1421667/files/1202007_13.jpg</subfield>
    <subfield code="z">CDSINTERNAL|MediaArchive|Migrated from: \\cern.ch\dfs\Services\MediaArchive\Photo\Masters\2012\1202007\1202007_13.jpg</subfield>
  </datafield>
  <datafield tag="856" ind1="4" ind2=" ">
    <subfield code="8">2610048</subfield>
    <subfield code="s">5277792</subfield>
    <subfield code="u">http://cds.cern.ch/record/1421667/files/1202007_15.jpg</subfield>
    <subfield code="z">CDSINTERNAL|MediaArchive|Migrated from: \\cern.ch\dfs\Services\MediaArchive\Photo\Masters\2012\1202007\1202007_15.jpg</subfield>
  </datafield>
  <datafield tag="856" ind1="4" ind2=" ">
    <subfield code="8">2610049</subfield>
    <subfield code="s">10110222</subfield>
    <subfield code="u">http://cds.cern.ch/record/1421667/files/1202007_11.jpg</subfield>
    <subfield code="z">CDSINTERNAL|MediaArchive|Migrated from: \\cern.ch\dfs\Services\MediaArchive\Photo\Masters\2012\1202007\1202007_11.jpg</subfield>
  </datafield>
  <datafield tag="856" ind1="4" ind2=" ">
    <subfield code="8">2610050</subfield>
    <subfield code="s">8302398</subfield>
    <subfield code="u">http://cds.cern.ch/record/1421667/files/1202007_14.jpg</subfield>
    <subfield code="z">CDSINTERNAL|MediaArchive|Migrated from: \\cern.ch\dfs\Services\MediaArchive\Photo\Masters\2012\1202007\1202007_14.jpg</subfield>
  </datafield>
  <datafield tag="856" ind1="4" ind2=" ">
    <subfield code="8">2610051</subfield>
    <subfield code="s">8625772</subfield>
    <subfield code="u">http://cds.cern.ch/record/1421667/files/1202007_22.jpg</subfield>
    <subfield code="z">CDSINTERNAL|MediaArchive|Migrated from: \\cern.ch\dfs\Services\MediaArchive\Photo\Masters\2012\1202007\1202007_22.jpg</subfield>
  </datafield>
  <datafield tag="856" ind1="4" ind2=" ">
    <subfield code="8">2610052</subfield>
    <subfield code="s">11004122</subfield>
    <subfield code="u">http://cds.cern.ch/record/1421667/files/1202007_23.jpg</subfield>
    <subfield code="z">CDSINTERNAL|MediaArchive|Migrated from: \\cern.ch\dfs\Services\MediaArchive\Photo\Masters\2012\1202007\1202007_23.jpg</subfield>
  </datafield>
  <datafield tag="856" ind1="4" ind2=" ">
    <subfield code="8">2610053</subfield>
    <subfield code="s">12301714</subfield>
    <subfield code="u">http://cds.cern.ch/record/1421667/files/1202007_17.jpg</subfield>
    <subfield code="z">CDSINTERNAL|MediaArchive|Migrated from: \\cern.ch\dfs\Services\MediaArchive\Photo\Masters\2012\1202007\1202007_17.jpg</subfield>
  </datafield>
  <datafield tag="856" ind1="4" ind2=" ">
    <subfield code="8">2610054</subfield>
    <subfield code="s">10484062</subfield>
    <subfield code="u">http://cds.cern.ch/record/1421667/files/1202007_21.jpg</subfield>
    <subfield code="z">CDSINTERNAL|MediaArchive|Migrated from: \\cern.ch\dfs\Services\MediaArchive\Photo\Masters\2012\1202007\1202007_21.jpg</subfield>
  </datafield>
  <datafield tag="856" ind1="4" ind2=" ">
    <subfield code="8">2610055</subfield>
    <subfield code="s">12148609</subfield>
    <subfield code="u">http://cds.cern.ch/record/1421667/files/1202007_24.jpg</subfield>
    <subfield code="z">CDSINTERNAL|MediaArchive|Migrated from: \\cern.ch\dfs\Services\MediaArchive\Photo\Masters\2012\1202007\1202007_24.jpg</subfield>
  </datafield>
  <datafield tag="856" ind1="4" ind2=" ">
    <subfield code="8">2610056</subfield>
    <subfield code="s">11762992</subfield>
    <subfield code="u">http://cds.cern.ch/record/1421667/files/1202007_19.jpg</subfield>
    <subfield code="z">CDSINTERNAL|MediaArchive|Migrated from: \\cern.ch\dfs\Services\MediaArchive\Photo\Masters\2012\1202007\1202007_19.jpg</subfield>
  </datafield>
  <datafield tag="856" ind1="4" ind2=" ">
    <subfield code="8">2610057</subfield>
    <subfield code="s">8615791</subfield>
    <subfield code="u">http://cds.cern.ch/record/1421667/files/1202007_20.jpg</subfield>
    <subfield code="z">CDSINTERNAL|MediaArchive|Migrated from: \\cern.ch\dfs\Services\MediaArchive\Photo\Masters\2012\1202007\1202007_20.jpg</subfield>
  </datafield>
  <datafield tag="856" ind1="4" ind2=" ">
    <subfield code="8">2610058</subfield>
    <subfield code="s">10144360</subfield>
    <subfield code="u">http://cds.cern.ch/record/1421667/files/1202007_16.jpg</subfield>
    <subfield code="z">CDSINTERNAL|MediaArchive|Migrated from: \\cern.ch\dfs\Services\MediaArchive\Photo\Masters\2012\1202007\1202007_16.jpg</subfield>
  </datafield>
  <datafield tag="856" ind1="4" ind2=" ">
    <subfield code="8">2610059</subfield>
    <subfield code="s">10776804</subfield>
    <subfield code="u">http://cds.cern.ch/record/1421667/files/1202007_12.jpg</subfield>
    <subfield code="z">CDSINTERNAL|MediaArchive|Migrated from: \\cern.ch\dfs\Services\MediaArchive\Photo\Masters\2012\1202007\1202007_12.jpg</subfield>
  </datafield>
  <datafield tag="856" ind1="4" ind2=" ">
    <subfield code="8">2610060</subfield>
    <subfield code="s">10635803</subfield>
    <subfield code="u">http://cds.cern.ch/record/1421667/files/1202007_18.jpg</subfield>
    <subfield code="z">CDSINTERNAL|MediaArchive|Migrated from: \\cern.ch\dfs\Services\MediaArchive\Photo\Masters\2012\1202007\1202007_18.jpg</subfield>
  </datafield>
  <datafield tag="856" ind1="4" ind2=" ">
    <subfield code="8">2609999</subfield>
    <subfield code="s">12193</subfield>
    <subfield code="u">http://cds.cern.ch/record/1421667/files/1202007_1.jpg?subformat=icon-180</subfield>
    <subfield code="x">icon-180</subfield>
    <subfield code="z">CDSINTERNAL|MediaArchive|Migrated from: http://mediaarchive.cern.ch/MediaArchive/Photo/Public/2012/1202007/1202007_1/1202007_1-Icon.jpg</subfield>
  </datafield>
  <datafield tag="856" ind1="4" ind2=" ">
    <subfield code="8">2609999</subfield>
    <subfield code="s">454593</subfield>
    <subfield code="u">http://cds.cern.ch/record/1421667/files/1202007_1.jpg?subformat=icon-1440</subfield>
    <subfield code="x">icon-1440</subfield>
    <subfield code="z">CDSINTERNAL|MediaArchive|Migrated from: http://mediaarchive.cern.ch/MediaArchive/Photo/Public/2012/1202007/1202007_1/1202007_1-A4-at-144-dpi.jpg</subfield>
  </datafield>
  <datafield tag="856" ind1="4" ind2=" ">
    <subfield code="8">2609999</subfield>
    <subfield code="s">79381</subfield>
    <subfield code="u">http://cds.cern.ch/record/1421667/files/1202007_1.jpg?subformat=icon-720</subfield>
    <subfield code="x">icon-720</subfield>
    <subfield code="z">CDSINTERNAL|MediaArchive|Migrated from: http://mediaarchive.cern.ch/MediaArchive/Photo/Public/2012/1202007/1202007_1/1202007_1-A5-at-72-dpi.jpg</subfield>
  </datafield>
  <datafield tag="856" ind1="4" ind2=" ">
    <subfield code="8">2610000</subfield>
    <subfield code="s">10305</subfield>
    <subfield code="u">http://cds.cern.ch/record/1421667/files/1202007_4.jpg?subformat=icon-180</subfield>
    <subfield code="x">icon-180</subfield>
    <subfield code="z">CDSINTERNAL|MediaArchive|Migrated from: http://mediaarchive.cern.ch/MediaArchive/Photo/Public/2012/1202007/1202007_4/1202007_4-Icon.jpg</subfield>
  </datafield>
  <datafield tag="856" ind1="4" ind2=" ">
    <subfield code="8">2610000</subfield>
    <subfield code="s">435744</subfield>
    <subfield code="u">http://cds.cern.ch/record/1421667/files/1202007_4.jpg?subformat=icon-1440</subfield>
    <subfield code="x">icon-1440</subfield>
    <subfield code="z">CDSINTERNAL|MediaArchive|Migrated from: http://mediaarchive.cern.ch/MediaArchive/Photo/Public/2012/1202007/1202007_4/1202007_4-A4-at-144-dpi.jpg</subfield>
  </datafield>
  <datafield tag="856" ind1="4" ind2=" ">
    <subfield code="8">2610000</subfield>
    <subfield code="s">67181</subfield>
    <subfield code="u">http://cds.cern.ch/record/1421667/files/1202007_4.jpg?subformat=icon-720</subfield>
    <subfield code="x">icon-720</subfield>
    <subfield code="z">CDSINTERNAL|MediaArchive|Migrated from: http://mediaarchive.cern.ch/MediaArchive/Photo/Public/2012/1202007/1202007_4/1202007_4-A5-at-72-dpi.jpg</subfield>
  </datafield>
  <datafield tag="856" ind1="4" ind2=" ">
    <subfield code="8">2610001</subfield>
    <subfield code="s">10077</subfield>
    <subfield code="u">http://cds.cern.ch/record/1421667/files/1202007_9.jpg?subformat=icon-180</subfield>
    <subfield code="x">icon-180</subfield>
    <subfield code="z">CDSINTERNAL|MediaArchive|Migrated from: http://mediaarchive.cern.ch/MediaArchive/Photo/Public/2012/1202007/1202007_9/1202007_9-Icon.jpg</subfield>
  </datafield>
  <datafield tag="856" ind1="4" ind2=" ">
    <subfield code="8">2610001</subfield>
    <subfield code="s">397271</subfield>
    <subfield code="u">http://cds.cern.ch/record/1421667/files/1202007_9.jpg?subformat=icon-1440</subfield>
    <subfield code="x">icon-1440</subfield>
    <subfield code="z">CDSINTERNAL|MediaArchive|Migrated from: http://mediaarchive.cern.ch/MediaArchive/Photo/Public/2012/1202007/1202007_9/1202007_9-A4-at-144-dpi.jpg</subfield>
  </datafield>
  <datafield tag="856" ind1="4" ind2=" ">
    <subfield code="8">2610001</subfield>
    <subfield code="s">63850</subfield>
    <subfield code="u">http://cds.cern.ch/record/1421667/files/1202007_9.jpg?subformat=icon-720</subfield>
    <subfield code="x">icon-720</subfield>
    <subfield code="z">CDSINTERNAL|MediaArchive|Migrated from: http://mediaarchive.cern.ch/MediaArchive/Photo/Public/2012/1202007/1202007_9/1202007_9-A5-at-72-dpi.jpg</subfield>
  </datafield>
  <datafield tag="856" ind1="4" ind2=" ">
    <subfield code="8">2610002</subfield>
    <subfield code="s">10835</subfield>
    <subfield code="u">http://cds.cern.ch/record/1421667/files/1202007_7.jpg?subformat=icon-180</subfield>
    <subfield code="x">icon-180</subfield>
    <subfield code="z">CDSINTERNAL|MediaArchive|Migrated from: http://mediaarchive.cern.ch/MediaArchive/Photo/Public/2012/1202007/1202007_7/1202007_7-Icon.jpg</subfield>
  </datafield>
  <datafield tag="856" ind1="4" ind2=" ">
    <subfield code="8">2610002</subfield>
    <subfield code="s">331484</subfield>
    <subfield code="u">http://cds.cern.ch/record/1421667/files/1202007_7.jpg?subformat=icon-1440</subfield>
    <subfield code="x">icon-1440</subfield>
    <subfield code="z">CDSINTERNAL|MediaArchive|Migrated from: http://mediaarchive.cern.ch/MediaArchive/Photo/Public/2012/1202007/1202007_7/1202007_7-A4-at-144-dpi.jpg</subfield>
  </datafield>
  <datafield tag="856" ind1="4" ind2=" ">
    <subfield code="8">2610002</subfield>
    <subfield code="s">66576</subfield>
    <subfield code="u">http://cds.cern.ch/record/1421667/files/1202007_7.jpg?subformat=icon-720</subfield>
    <subfield code="x">icon-720</subfield>
    <subfield code="z">CDSINTERNAL|MediaArchive|Migrated from: http://mediaarchive.cern.ch/MediaArchive/Photo/Public/2012/1202007/1202007_7/1202007_7-A5-at-72-dpi.jpg</subfield>
  </datafield>
  <datafield tag="856" ind1="4" ind2=" ">
    <subfield code="8">2610003</subfield>
    <subfield code="s">10360</subfield>
    <subfield code="u">http://cds.cern.ch/record/1421667/files/1202007_3.jpg?subformat=icon-180</subfield>
    <subfield code="x">icon-180</subfield>
    <subfield code="z">CDSINTERNAL|MediaArchive|Migrated from: http://mediaarchive.cern.ch/MediaArchive/Photo/Public/2012/1202007/1202007_3/1202007_3-Icon.jpg</subfield>
  </datafield>
  <datafield tag="856" ind1="4" ind2=" ">
    <subfield code="8">2610003</subfield>
    <subfield code="s">474803</subfield>
    <subfield code="u">http://cds.cern.ch/record/1421667/files/1202007_3.jpg?subformat=icon-1440</subfield>
    <subfield code="x">icon-1440</subfield>
    <subfield code="z">CDSINTERNAL|MediaArchive|Migrated from: http://mediaarchive.cern.ch/MediaArchive/Photo/Public/2012/1202007/1202007_3/1202007_3-A4-at-144-dpi.jpg</subfield>
  </datafield>
  <datafield tag="856" ind1="4" ind2=" ">
    <subfield code="8">2610003</subfield>
    <subfield code="s">73835</subfield>
    <subfield code="u">http://cds.cern.ch/record/1421667/files/1202007_3.jpg?subformat=icon-720</subfield>
    <subfield code="x">icon-720</subfield>
    <subfield code="z">CDSINTERNAL|MediaArchive|Migrated from: http://mediaarchive.cern.ch/MediaArchive/Photo/Public/2012/1202007/1202007_3/1202007_3-A5-at-72-dpi.jpg</subfield>
  </datafield>
  <datafield tag="856" ind1="4" ind2=" ">
    <subfield code="8">2610004</subfield>
    <subfield code="s">10381</subfield>
    <subfield code="u">http://cds.cern.ch/record/1421667/files/1202007_5.jpg?subformat=icon-180</subfield>
    <subfield code="x">icon-180</subfield>
    <subfield code="z">CDSINTERNAL|MediaArchive|Migrated from: http://mediaarchive.cern.ch/MediaArchive/Photo/Public/2012/1202007/1202007_5/1202007_5-Icon.jpg</subfield>
  </datafield>
  <datafield tag="856" ind1="4" ind2=" ">
    <subfield code="8">2610004</subfield>
    <subfield code="s">452132</subfield>
    <subfield code="u">http://cds.cern.ch/record/1421667/files/1202007_5.jpg?subformat=icon-1440</subfield>
    <subfield code="x">icon-1440</subfield>
    <subfield code="z">CDSINTERNAL|MediaArchive|Migrated from: http://mediaarchive.cern.ch/MediaArchive/Photo/Public/2012/1202007/1202007_5/1202007_5-A4-at-144-dpi.jpg</subfield>
  </datafield>
  <datafield tag="856" ind1="4" ind2=" ">
    <subfield code="8">2610004</subfield>
    <subfield code="s">67702</subfield>
    <subfield code="u">http://cds.cern.ch/record/1421667/files/1202007_5.jpg?subformat=icon-720</subfield>
    <subfield code="x">icon-720</subfield>
    <subfield code="z">CDSINTERNAL|MediaArchive|Migrated from: http://mediaarchive.cern.ch/MediaArchive/Photo/Public/2012/1202007/1202007_5/1202007_5-A5-at-72-dpi.jpg</subfield>
  </datafield>
  <datafield tag="856" ind1="4" ind2=" ">
    <subfield code="8">2610005</subfield>
    <subfield code="s">10712</subfield>
    <subfield code="u">http://cds.cern.ch/record/1421667/files/1202007_8.jpg?subformat=icon-180</subfield>
    <subfield code="x">icon-180</subfield>
    <subfield code="z">CDSINTERNAL|MediaArchive|Migrated from: http://mediaarchive.cern.ch/MediaArchive/Photo/Public/2012/1202007/1202007_8/1202007_8-Icon.jpg</subfield>
  </datafield>
  <datafield tag="856" ind1="4" ind2=" ">
    <subfield code="8">2610005</subfield>
    <subfield code="s">381255</subfield>
    <subfield code="u">http://cds.cern.ch/record/1421667/files/1202007_8.jpg?subformat=icon-1440</subfield>
    <subfield code="x">icon-1440</subfield>
    <subfield code="z">CDSINTERNAL|MediaArchive|Migrated from: http://mediaarchive.cern.ch/MediaArchive/Photo/Public/2012/1202007/1202007_8/1202007_8-A4-at-144-dpi.jpg</subfield>
  </datafield>
  <datafield tag="856" ind1="4" ind2=" ">
    <subfield code="8">2610005</subfield>
    <subfield code="s">67867</subfield>
    <subfield code="u">http://cds.cern.ch/record/1421667/files/1202007_8.jpg?subformat=icon-720</subfield>
    <subfield code="x">icon-720</subfield>
    <subfield code="z">CDSINTERNAL|MediaArchive|Migrated from: http://mediaarchive.cern.ch/MediaArchive/Photo/Public/2012/1202007/1202007_8/1202007_8-A5-at-72-dpi.jpg</subfield>
  </datafield>
  <datafield tag="856" ind1="4" ind2=" ">
    <subfield code="8">2610006</subfield>
    <subfield code="s">11208</subfield>
    <subfield code="u">http://cds.cern.ch/record/1421667/files/1202007_6.jpg?subformat=icon-180</subfield>
    <subfield code="x">icon-180</subfield>
    <subfield code="z">CDSINTERNAL|MediaArchive|Migrated from: http://mediaarchive.cern.ch/MediaArchive/Photo/Public/2012/1202007/1202007_6/1202007_6-Icon.jpg</subfield>
  </datafield>
  <datafield tag="856" ind1="4" ind2=" ">
    <subfield code="8">2610006</subfield>
    <subfield code="s">465260</subfield>
    <subfield code="u">http://cds.cern.ch/record/1421667/files/1202007_6.jpg?subformat=icon-1440</subfield>
    <subfield code="x">icon-1440</subfield>
    <subfield code="z">CDSINTERNAL|MediaArchive|Migrated from: http://mediaarchive.cern.ch/MediaArchive/Photo/Public/2012/1202007/1202007_6/1202007_6-A4-at-144-dpi.jpg</subfield>
  </datafield>
  <datafield tag="856" ind1="4" ind2=" ">
    <subfield code="8">2610006</subfield>
    <subfield code="s">78379</subfield>
    <subfield code="u">http://cds.cern.ch/record/1421667/files/1202007_6.jpg?subformat=icon-720</subfield>
    <subfield code="x">icon-720</subfield>
    <subfield code="z">CDSINTERNAL|MediaArchive|Migrated from: http://mediaarchive.cern.ch/MediaArchive/Photo/Public/2012/1202007/1202007_6/1202007_6-A5-at-72-dpi.jpg</subfield>
  </datafield>
  <datafield tag="856" ind1="4" ind2=" ">
    <subfield code="8">2610007</subfield>
    <subfield code="s">10806</subfield>
    <subfield code="u">http://cds.cern.ch/record/1421667/files/1202007_2.jpg?subformat=icon-180</subfield>
    <subfield code="x">icon-180</subfield>
    <subfield code="z">CDSINTERNAL|MediaArchive|Migrated from: http://mediaarchive.cern.ch/MediaArchive/Photo/Public/2012/1202007/1202007_2/1202007_2-Icon.jpg</subfield>
  </datafield>
  <datafield tag="856" ind1="4" ind2=" ">
    <subfield code="8">2610007</subfield>
    <subfield code="s">470860</subfield>
    <subfield code="u">http://cds.cern.ch/record/1421667/files/1202007_2.jpg?subformat=icon-1440</subfield>
    <subfield code="x">icon-1440</subfield>
    <subfield code="z">CDSINTERNAL|MediaArchive|Migrated from: http://mediaarchive.cern.ch/MediaArchive/Photo/Public/2012/1202007/1202007_2/1202007_2-A4-at-144-dpi.jpg</subfield>
  </datafield>
  <datafield tag="856" ind1="4" ind2=" ">
    <subfield code="8">2610007</subfield>
    <subfield code="s">75889</subfield>
    <subfield code="u">http://cds.cern.ch/record/1421667/files/1202007_2.jpg?subformat=icon-720</subfield>
    <subfield code="x">icon-720</subfield>
    <subfield code="z">CDSINTERNAL|MediaArchive|Migrated from: http://mediaarchive.cern.ch/MediaArchive/Photo/Public/2012/1202007/1202007_2/1202007_2-A5-at-72-dpi.jpg</subfield>
  </datafield>
  <datafield tag="856" ind1="4" ind2=" ">
    <subfield code="8">2610008</subfield>
    <subfield code="s">508788</subfield>
    <subfield code="u">http://cds.cern.ch/record/1421667/files/1202007_25.jpg?subformat=icon-1440</subfield>
    <subfield code="x">icon-1440</subfield>
    <subfield code="z">CDSINTERNAL|MediaArchive|Migrated from: http://mediaarchive.cern.ch/MediaArchive/Photo/Public/2012/1202007/1202007_25/1202007_25-A4-at-144-dpi.jpg</subfield>
  </datafield>
  <datafield tag="856" ind1="4" ind2=" ">
    <subfield code="8">2610008</subfield>
    <subfield code="s">67091</subfield>
    <subfield code="u">http://cds.cern.ch/record/1421667/files/1202007_25.jpg?subformat=icon-720</subfield>
    <subfield code="x">icon-720</subfield>
    <subfield code="z">CDSINTERNAL|MediaArchive|Migrated from: http://mediaarchive.cern.ch/MediaArchive/Photo/Public/2012/1202007/1202007_25/1202007_25-A5-at-72-dpi.jpg</subfield>
  </datafield>
  <datafield tag="856" ind1="4" ind2=" ">
    <subfield code="8">2610008</subfield>
    <subfield code="s">9819</subfield>
    <subfield code="u">http://cds.cern.ch/record/1421667/files/1202007_25.jpg?subformat=icon-180</subfield>
    <subfield code="x">icon-180</subfield>
    <subfield code="z">CDSINTERNAL|MediaArchive|Migrated from: http://mediaarchive.cern.ch/MediaArchive/Photo/Public/2012/1202007/1202007_25/1202007_25-Icon.jpg</subfield>
  </datafield>
  <datafield tag="856" ind1="4" ind2=" ">
    <subfield code="8">2610009</subfield>
    <subfield code="s">10259</subfield>
    <subfield code="u">http://cds.cern.ch/record/1421667/files/1202007_28.jpg?subformat=icon-180</subfield>
    <subfield code="x">icon-180</subfield>
    <subfield code="z">CDSINTERNAL|MediaArchive|Migrated from: http://mediaarchive.cern.ch/MediaArchive/Photo/Public/2012/1202007/1202007_28/1202007_28-Icon.jpg</subfield>
  </datafield>
  <datafield tag="856" ind1="4" ind2=" ">
    <subfield code="8">2610009</subfield>
    <subfield code="s">464484</subfield>
    <subfield code="u">http://cds.cern.ch/record/1421667/files/1202007_28.jpg?subformat=icon-1440</subfield>
    <subfield code="x">icon-1440</subfield>
    <subfield code="z">CDSINTERNAL|MediaArchive|Migrated from: http://mediaarchive.cern.ch/MediaArchive/Photo/Public/2012/1202007/1202007_28/1202007_28-A4-at-144-dpi.jpg</subfield>
  </datafield>
  <datafield tag="856" ind1="4" ind2=" ">
    <subfield code="8">2610009</subfield>
    <subfield code="s">75251</subfield>
    <subfield code="u">http://cds.cern.ch/record/1421667/files/1202007_28.jpg?subformat=icon-720</subfield>
    <subfield code="x">icon-720</subfield>
    <subfield code="z">CDSINTERNAL|MediaArchive|Migrated from: http://mediaarchive.cern.ch/MediaArchive/Photo/Public/2012/1202007/1202007_28/1202007_28-A5-at-72-dpi.jpg</subfield>
  </datafield>
  <datafield tag="856" ind1="4" ind2=" ">
    <subfield code="8">2610010</subfield>
    <subfield code="s">10475</subfield>
    <subfield code="u">http://cds.cern.ch/record/1421667/files/1202007_27.jpg?subformat=icon-180</subfield>
    <subfield code="x">icon-180</subfield>
    <subfield code="z">CDSINTERNAL|MediaArchive|Migrated from: http://mediaarchive.cern.ch/MediaArchive/Photo/Public/2012/1202007/1202007_27/1202007_27-Icon.jpg</subfield>
  </datafield>
  <datafield tag="856" ind1="4" ind2=" ">
    <subfield code="8">2610010</subfield>
    <subfield code="s">409426</subfield>
    <subfield code="u">http://cds.cern.ch/record/1421667/files/1202007_27.jpg?subformat=icon-1440</subfield>
    <subfield code="x">icon-1440</subfield>
    <subfield code="z">CDSINTERNAL|MediaArchive|Migrated from: http://mediaarchive.cern.ch/MediaArchive/Photo/Public/2012/1202007/1202007_27/1202007_27-A4-at-144-dpi.jpg</subfield>
  </datafield>
  <datafield tag="856" ind1="4" ind2=" ">
    <subfield code="8">2610010</subfield>
    <subfield code="s">68912</subfield>
    <subfield code="u">http://cds.cern.ch/record/1421667/files/1202007_27.jpg?subformat=icon-720</subfield>
    <subfield code="x">icon-720</subfield>
    <subfield code="z">CDSINTERNAL|MediaArchive|Migrated from: http://mediaarchive.cern.ch/MediaArchive/Photo/Public/2012/1202007/1202007_27/1202007_27-A5-at-72-dpi.jpg</subfield>
  </datafield>
  <datafield tag="856" ind1="4" ind2=" ">
    <subfield code="8">2610011</subfield>
    <subfield code="s">10260</subfield>
    <subfield code="u">http://cds.cern.ch/record/1421667/files/1202007_31.jpg?subformat=icon-180</subfield>
    <subfield code="x">icon-180</subfield>
    <subfield code="z">CDSINTERNAL|MediaArchive|Migrated from: http://mediaarchive.cern.ch/MediaArchive/Photo/Public/2012/1202007/1202007_31/1202007_31-Icon.jpg</subfield>
  </datafield>
  <datafield tag="856" ind1="4" ind2=" ">
    <subfield code="8">2610011</subfield>
    <subfield code="s">360725</subfield>
    <subfield code="u">http://cds.cern.ch/record/1421667/files/1202007_31.jpg?subformat=icon-1440</subfield>
    <subfield code="x">icon-1440</subfield>
    <subfield code="z">CDSINTERNAL|MediaArchive|Migrated from: http://mediaarchive.cern.ch/MediaArchive/Photo/Public/2012/1202007/1202007_31/1202007_31-A4-at-144-dpi.jpg</subfield>
  </datafield>
  <datafield tag="856" ind1="4" ind2=" ">
    <subfield code="8">2610011</subfield>
    <subfield code="s">63790</subfield>
    <subfield code="u">http://cds.cern.ch/record/1421667/files/1202007_31.jpg?subformat=icon-720</subfield>
    <subfield code="x">icon-720</subfield>
    <subfield code="z">CDSINTERNAL|MediaArchive|Migrated from: http://mediaarchive.cern.ch/MediaArchive/Photo/Public/2012/1202007/1202007_31/1202007_31-A5-at-72-dpi.jpg</subfield>
  </datafield>
  <datafield tag="856" ind1="4" ind2=" ">
    <subfield code="8">2610012</subfield>
    <subfield code="s">10098</subfield>
    <subfield code="u">http://cds.cern.ch/record/1421667/files/1202007_29.jpg?subformat=icon-180</subfield>
    <subfield code="x">icon-180</subfield>
    <subfield code="z">CDSINTERNAL|MediaArchive|Migrated from: http://mediaarchive.cern.ch/MediaArchive/Photo/Public/2012/1202007/1202007_29/1202007_29-Icon.jpg</subfield>
  </datafield>
  <datafield tag="856" ind1="4" ind2=" ">
    <subfield code="8">2610012</subfield>
    <subfield code="s">424054</subfield>
    <subfield code="u">http://cds.cern.ch/record/1421667/files/1202007_29.jpg?subformat=icon-1440</subfield>
    <subfield code="x">icon-1440</subfield>
    <subfield code="z">CDSINTERNAL|MediaArchive|Migrated from: http://mediaarchive.cern.ch/MediaArchive/Photo/Public/2012/1202007/1202007_29/1202007_29-A4-at-144-dpi.jpg</subfield>
  </datafield>
  <datafield tag="856" ind1="4" ind2=" ">
    <subfield code="8">2610012</subfield>
    <subfield code="s">68378</subfield>
    <subfield code="u">http://cds.cern.ch/record/1421667/files/1202007_29.jpg?subformat=icon-720</subfield>
    <subfield code="x">icon-720</subfield>
    <subfield code="z">CDSINTERNAL|MediaArchive|Migrated from: http://mediaarchive.cern.ch/MediaArchive/Photo/Public/2012/1202007/1202007_29/1202007_29-A5-at-72-dpi.jpg</subfield>
  </datafield>
  <datafield tag="856" ind1="4" ind2=" ">
    <subfield code="8">2610013</subfield>
    <subfield code="s">354271</subfield>
    <subfield code="u">http://cds.cern.ch/record/1421667/files/1202007_34.jpg?subformat=icon-1440</subfield>
    <subfield code="x">icon-1440</subfield>
    <subfield code="z">CDSINTERNAL|MediaArchive|Migrated from: http://mediaarchive.cern.ch/MediaArchive/Photo/Public/2012/1202007/1202007_34/1202007_34-A4-at-144-dpi.jpg</subfield>
  </datafield>
  <datafield tag="856" ind1="4" ind2=" ">
    <subfield code="8">2610013</subfield>
    <subfield code="s">59925</subfield>
    <subfield code="u">http://cds.cern.ch/record/1421667/files/1202007_34.jpg?subformat=icon-720</subfield>
    <subfield code="x">icon-720</subfield>
    <subfield code="z">CDSINTERNAL|MediaArchive|Migrated from: http://mediaarchive.cern.ch/MediaArchive/Photo/Public/2012/1202007/1202007_34/1202007_34-A5-at-72-dpi.jpg</subfield>
  </datafield>
  <datafield tag="856" ind1="4" ind2=" ">
    <subfield code="8">2610013</subfield>
    <subfield code="s">9778</subfield>
    <subfield code="u">http://cds.cern.ch/record/1421667/files/1202007_34.jpg?subformat=icon-180</subfield>
    <subfield code="x">icon-180</subfield>
    <subfield code="z">CDSINTERNAL|MediaArchive|Migrated from: http://mediaarchive.cern.ch/MediaArchive/Photo/Public/2012/1202007/1202007_34/1202007_34-Icon.jpg</subfield>
  </datafield>
  <datafield tag="856" ind1="4" ind2=" ">
    <subfield code="8">2610014</subfield>
    <subfield code="s">10090</subfield>
    <subfield code="u">http://cds.cern.ch/record/1421667/files/1202007_33.jpg?subformat=icon-180</subfield>
    <subfield code="x">icon-180</subfield>
    <subfield code="z">CDSINTERNAL|MediaArchive|Migrated from: http://mediaarchive.cern.ch/MediaArchive/Photo/Public/2012/1202007/1202007_33/1202007_33-Icon.jpg</subfield>
  </datafield>
  <datafield tag="856" ind1="4" ind2=" ">
    <subfield code="8">2610014</subfield>
    <subfield code="s">417416</subfield>
    <subfield code="u">http://cds.cern.ch/record/1421667/files/1202007_33.jpg?subformat=icon-1440</subfield>
    <subfield code="x">icon-1440</subfield>
    <subfield code="z">CDSINTERNAL|MediaArchive|Migrated from: http://mediaarchive.cern.ch/MediaArchive/Photo/Public/2012/1202007/1202007_33/1202007_33-A4-at-144-dpi.jpg</subfield>
  </datafield>
  <datafield tag="856" ind1="4" ind2=" ">
    <subfield code="8">2610014</subfield>
    <subfield code="s">62140</subfield>
    <subfield code="u">http://cds.cern.ch/record/1421667/files/1202007_33.jpg?subformat=icon-720</subfield>
    <subfield code="x">icon-720</subfield>
    <subfield code="z">CDSINTERNAL|MediaArchive|Migrated from: http://mediaarchive.cern.ch/MediaArchive/Photo/Public/2012/1202007/1202007_33/1202007_33-A5-at-72-dpi.jpg</subfield>
  </datafield>
  <datafield tag="856" ind1="4" ind2=" ">
    <subfield code="8">2610015</subfield>
    <subfield code="s">306943</subfield>
    <subfield code="u">http://cds.cern.ch/record/1421667/files/1202007_35.jpg?subformat=icon-1440</subfield>
    <subfield code="x">icon-1440</subfield>
    <subfield code="z">CDSINTERNAL|MediaArchive|Migrated from: http://mediaarchive.cern.ch/MediaArchive/Photo/Public/2012/1202007/1202007_35/1202007_35-A4-at-144-dpi.jpg</subfield>
  </datafield>
  <datafield tag="856" ind1="4" ind2=" ">
    <subfield code="8">2610015</subfield>
    <subfield code="s">51099</subfield>
    <subfield code="u">http://cds.cern.ch/record/1421667/files/1202007_35.jpg?subformat=icon-720</subfield>
    <subfield code="x">icon-720</subfield>
    <subfield code="z">CDSINTERNAL|MediaArchive|Migrated from: http://mediaarchive.cern.ch/MediaArchive/Photo/Public/2012/1202007/1202007_35/1202007_35-A5-at-72-dpi.jpg</subfield>
  </datafield>
  <datafield tag="856" ind1="4" ind2=" ">
    <subfield code="8">2610015</subfield>
    <subfield code="s">8824</subfield>
    <subfield code="u">http://cds.cern.ch/record/1421667/files/1202007_35.jpg?subformat=icon-180</subfield>
    <subfield code="x">icon-180</subfield>
    <subfield code="z">CDSINTERNAL|MediaArchive|Migrated from: http://mediaarchive.cern.ch/MediaArchive/Photo/Public/2012/1202007/1202007_35/1202007_35-Icon.jpg</subfield>
  </datafield>
  <datafield tag="856" ind1="4" ind2=" ">
    <subfield code="8">2610016</subfield>
    <subfield code="s">309649</subfield>
    <subfield code="u">http://cds.cern.ch/record/1421667/files/1202007_32.jpg?subformat=icon-1440</subfield>
    <subfield code="x">icon-1440</subfield>
    <subfield code="z">CDSINTERNAL|MediaArchive|Migrated from: http://mediaarchive.cern.ch/MediaArchive/Photo/Public/2012/1202007/1202007_32/1202007_32-A4-at-144-dpi.jpg</subfield>
  </datafield>
  <datafield tag="856" ind1="4" ind2=" ">
    <subfield code="8">2610016</subfield>
    <subfield code="s">54815</subfield>
    <subfield code="u">http://cds.cern.ch/record/1421667/files/1202007_32.jpg?subformat=icon-720</subfield>
    <subfield code="x">icon-720</subfield>
    <subfield code="z">CDSINTERNAL|MediaArchive|Migrated from: http://mediaarchive.cern.ch/MediaArchive/Photo/Public/2012/1202007/1202007_32/1202007_32-A5-at-72-dpi.jpg</subfield>
  </datafield>
  <datafield tag="856" ind1="4" ind2=" ">
    <subfield code="8">2610016</subfield>
    <subfield code="s">9188</subfield>
    <subfield code="u">http://cds.cern.ch/record/1421667/files/1202007_32.jpg?subformat=icon-180</subfield>
    <subfield code="x">icon-180</subfield>
    <subfield code="z">CDSINTERNAL|MediaArchive|Migrated from: http://mediaarchive.cern.ch/MediaArchive/Photo/Public/2012/1202007/1202007_32/1202007_32-Icon.jpg</subfield>
  </datafield>
  <datafield tag="856" ind1="4" ind2=" ">
    <subfield code="8">2610017</subfield>
    <subfield code="s">512581</subfield>
    <subfield code="u">http://cds.cern.ch/record/1421667/files/1202007_26.jpg?subformat=icon-1440</subfield>
    <subfield code="x">icon-1440</subfield>
    <subfield code="z">CDSINTERNAL|MediaArchive|Migrated from: http://mediaarchive.cern.ch/MediaArchive/Photo/Public/2012/1202007/1202007_26/1202007_26-A4-at-144-dpi.jpg</subfield>
  </datafield>
  <datafield tag="856" ind1="4" ind2=" ">
    <subfield code="8">2610017</subfield>
    <subfield code="s">68571</subfield>
    <subfield code="u">http://cds.cern.ch/record/1421667/files/1202007_26.jpg?subformat=icon-720</subfield>
    <subfield code="x">icon-720</subfield>
    <subfield code="z">CDSINTERNAL|MediaArchive|Migrated from: http://mediaarchive.cern.ch/MediaArchive/Photo/Public/2012/1202007/1202007_26/1202007_26-A5-at-72-dpi.jpg</subfield>
  </datafield>
  <datafield tag="856" ind1="4" ind2=" ">
    <subfield code="8">2610017</subfield>
    <subfield code="s">9760</subfield>
    <subfield code="u">http://cds.cern.ch/record/1421667/files/1202007_26.jpg?subformat=icon-180</subfield>
    <subfield code="x">icon-180</subfield>
    <subfield code="z">CDSINTERNAL|MediaArchive|Migrated from: http://mediaarchive.cern.ch/MediaArchive/Photo/Public/2012/1202007/1202007_26/1202007_26-Icon.jpg</subfield>
  </datafield>
  <datafield tag="856" ind1="4" ind2=" ">
    <subfield code="8">2610018</subfield>
    <subfield code="s">10269</subfield>
    <subfield code="u">http://cds.cern.ch/record/1421667/files/1202007_30.jpg?subformat=icon-180</subfield>
    <subfield code="x">icon-180</subfield>
    <subfield code="z">CDSINTERNAL|MediaArchive|Migrated from: http://mediaarchive.cern.ch/MediaArchive/Photo/Public/2012/1202007/1202007_30/1202007_30-Icon.jpg</subfield>
  </datafield>
  <datafield tag="856" ind1="4" ind2=" ">
    <subfield code="8">2610018</subfield>
    <subfield code="s">423476</subfield>
    <subfield code="u">http://cds.cern.ch/record/1421667/files/1202007_30.jpg?subformat=icon-1440</subfield>
    <subfield code="x">icon-1440</subfield>
    <subfield code="z">CDSINTERNAL|MediaArchive|Migrated from: http://mediaarchive.cern.ch/MediaArchive/Photo/Public/2012/1202007/1202007_30/1202007_30-A4-at-144-dpi.jpg</subfield>
  </datafield>
  <datafield tag="856" ind1="4" ind2=" ">
    <subfield code="8">2610018</subfield>
    <subfield code="s">68789</subfield>
    <subfield code="u">http://cds.cern.ch/record/1421667/files/1202007_30.jpg?subformat=icon-720</subfield>
    <subfield code="x">icon-720</subfield>
    <subfield code="z">CDSINTERNAL|MediaArchive|Migrated from: http://mediaarchive.cern.ch/MediaArchive/Photo/Public/2012/1202007/1202007_30/1202007_30-A5-at-72-dpi.jpg</subfield>
  </datafield>
  <datafield tag="856" ind1="4" ind2=" ">
    <subfield code="8">2610019</subfield>
    <subfield code="s">302064</subfield>
    <subfield code="u">http://cds.cern.ch/record/1421667/files/1202007_38.jpg?subformat=icon-1440</subfield>
    <subfield code="x">icon-1440</subfield>
    <subfield code="z">CDSINTERNAL|MediaArchive|Migrated from: http://mediaarchive.cern.ch/MediaArchive/Photo/Public/2012/1202007/1202007_38/1202007_38-A4-at-144-dpi.jpg</subfield>
  </datafield>
  <datafield tag="856" ind1="4" ind2=" ">
    <subfield code="8">2610019</subfield>
    <subfield code="s">47723</subfield>
    <subfield code="u">http://cds.cern.ch/record/1421667/files/1202007_38.jpg?subformat=icon-720</subfield>
    <subfield code="x">icon-720</subfield>
    <subfield code="z">CDSINTERNAL|MediaArchive|Migrated from: http://mediaarchive.cern.ch/MediaArchive/Photo/Public/2012/1202007/1202007_38/1202007_38-A5-at-72-dpi.jpg</subfield>
  </datafield>
  <datafield tag="856" ind1="4" ind2=" ">
    <subfield code="8">2610019</subfield>
    <subfield code="s">8333</subfield>
    <subfield code="u">http://cds.cern.ch/record/1421667/files/1202007_38.jpg?subformat=icon-180</subfield>
    <subfield code="x">icon-180</subfield>
    <subfield code="z">CDSINTERNAL|MediaArchive|Migrated from: http://mediaarchive.cern.ch/MediaArchive/Photo/Public/2012/1202007/1202007_38/1202007_38-Icon.jpg</subfield>
  </datafield>
  <datafield tag="856" ind1="4" ind2=" ">
    <subfield code="8">2610020</subfield>
    <subfield code="s">408296</subfield>
    <subfield code="u">http://cds.cern.ch/record/1421667/files/1202007_36.jpg?subformat=icon-1440</subfield>
    <subfield code="x">icon-1440</subfield>
    <subfield code="z">CDSINTERNAL|MediaArchive|Migrated from: http://mediaarchive.cern.ch/MediaArchive/Photo/Public/2012/1202007/1202007_36/1202007_36-A4-at-144-dpi.jpg</subfield>
  </datafield>
  <datafield tag="856" ind1="4" ind2=" ">
    <subfield code="8">2610020</subfield>
    <subfield code="s">61750</subfield>
    <subfield code="u">http://cds.cern.ch/record/1421667/files/1202007_36.jpg?subformat=icon-720</subfield>
    <subfield code="x">icon-720</subfield>
    <subfield code="z">CDSINTERNAL|MediaArchive|Migrated from: http://mediaarchive.cern.ch/MediaArchive/Photo/Public/2012/1202007/1202007_36/1202007_36-A5-at-72-dpi.jpg</subfield>
  </datafield>
  <datafield tag="856" ind1="4" ind2=" ">
    <subfield code="8">2610020</subfield>
    <subfield code="s">9158</subfield>
    <subfield code="u">http://cds.cern.ch/record/1421667/files/1202007_36.jpg?subformat=icon-180</subfield>
    <subfield code="x">icon-180</subfield>
    <subfield code="z">CDSINTERNAL|MediaArchive|Migrated from: http://mediaarchive.cern.ch/MediaArchive/Photo/Public/2012/1202007/1202007_36/1202007_36-Icon.jpg</subfield>
  </datafield>
  <datafield tag="856" ind1="4" ind2=" ">
    <subfield code="8">2610021</subfield>
    <subfield code="s">10362</subfield>
    <subfield code="u">http://cds.cern.ch/record/1421667/files/1202007_40.jpg?subformat=icon-180</subfield>
    <subfield code="x">icon-180</subfield>
    <subfield code="z">CDSINTERNAL|MediaArchive|Migrated from: http://mediaarchive.cern.ch/MediaArchive/Photo/Public/2012/1202007/1202007_40/1202007_40-Icon.jpg</subfield>
  </datafield>
  <datafield tag="856" ind1="4" ind2=" ">
    <subfield code="8">2610021</subfield>
    <subfield code="s">387311</subfield>
    <subfield code="u">http://cds.cern.ch/record/1421667/files/1202007_40.jpg?subformat=icon-1440</subfield>
    <subfield code="x">icon-1440</subfield>
    <subfield code="z">CDSINTERNAL|MediaArchive|Migrated from: http://mediaarchive.cern.ch/MediaArchive/Photo/Public/2012/1202007/1202007_40/1202007_40-A4-at-144-dpi.jpg</subfield>
  </datafield>
  <datafield tag="856" ind1="4" ind2=" ">
    <subfield code="8">2610021</subfield>
    <subfield code="s">65406</subfield>
    <subfield code="u">http://cds.cern.ch/record/1421667/files/1202007_40.jpg?subformat=icon-720</subfield>
    <subfield code="x">icon-720</subfield>
    <subfield code="z">CDSINTERNAL|MediaArchive|Migrated from: http://mediaarchive.cern.ch/MediaArchive/Photo/Public/2012/1202007/1202007_40/1202007_40-A5-at-72-dpi.jpg</subfield>
  </datafield>
  <datafield tag="856" ind1="4" ind2=" ">
    <subfield code="8">2610022</subfield>
    <subfield code="s">426725</subfield>
    <subfield code="u">http://cds.cern.ch/record/1421667/files/1202007_39.jpg?subformat=icon-1440</subfield>
    <subfield code="x">icon-1440</subfield>
    <subfield code="z">CDSINTERNAL|MediaArchive|Migrated from: http://mediaarchive.cern.ch/MediaArchive/Photo/Public/2012/1202007/1202007_39/1202007_39-A4-at-144-dpi.jpg</subfield>
  </datafield>
  <datafield tag="856" ind1="4" ind2=" ">
    <subfield code="8">2610022</subfield>
    <subfield code="s">60211</subfield>
    <subfield code="u">http://cds.cern.ch/record/1421667/files/1202007_39.jpg?subformat=icon-720</subfield>
    <subfield code="x">icon-720</subfield>
    <subfield code="z">CDSINTERNAL|MediaArchive|Migrated from: http://mediaarchive.cern.ch/MediaArchive/Photo/Public/2012/1202007/1202007_39/1202007_39-A5-at-72-dpi.jpg</subfield>
  </datafield>
  <datafield tag="856" ind1="4" ind2=" ">
    <subfield code="8">2610022</subfield>
    <subfield code="s">8748</subfield>
    <subfield code="u">http://cds.cern.ch/record/1421667/files/1202007_39.jpg?subformat=icon-180</subfield>
    <subfield code="x">icon-180</subfield>
    <subfield code="z">CDSINTERNAL|MediaArchive|Migrated from: http://mediaarchive.cern.ch/MediaArchive/Photo/Public/2012/1202007/1202007_39/1202007_39-Icon.jpg</subfield>
  </datafield>
  <datafield tag="856" ind1="4" ind2=" ">
    <subfield code="8">2610023</subfield>
    <subfield code="s">377938</subfield>
    <subfield code="u">http://cds.cern.ch/record/1421667/files/1202007_37.jpg?subformat=icon-1440</subfield>
    <subfield code="x">icon-1440</subfield>
    <subfield code="z">CDSINTERNAL|MediaArchive|Migrated from: http://mediaarchive.cern.ch/MediaArchive/Photo/Public/2012/1202007/1202007_37/1202007_37-A4-at-144-dpi.jpg</subfield>
  </datafield>
  <datafield tag="856" ind1="4" ind2=" ">
    <subfield code="8">2610023</subfield>
    <subfield code="s">65453</subfield>
    <subfield code="u">http://cds.cern.ch/record/1421667/files/1202007_37.jpg?subformat=icon-720</subfield>
    <subfield code="x">icon-720</subfield>
    <subfield code="z">CDSINTERNAL|MediaArchive|Migrated from: http://mediaarchive.cern.ch/MediaArchive/Photo/Public/2012/1202007/1202007_37/1202007_37-A5-at-72-dpi.jpg</subfield>
  </datafield>
  <datafield tag="856" ind1="4" ind2=" ">
    <subfield code="8">2610023</subfield>
    <subfield code="s">9763</subfield>
    <subfield code="u">http://cds.cern.ch/record/1421667/files/1202007_37.jpg?subformat=icon-180</subfield>
    <subfield code="x">icon-180</subfield>
    <subfield code="z">CDSINTERNAL|MediaArchive|Migrated from: http://mediaarchive.cern.ch/MediaArchive/Photo/Public/2012/1202007/1202007_37/1202007_37-Icon.jpg</subfield>
  </datafield>
  <datafield tag="856" ind1="4" ind2=" ">
    <subfield code="8">2610024</subfield>
    <subfield code="s">10301</subfield>
    <subfield code="u">http://cds.cern.ch/record/1421667/files/1202007_41.jpg?subformat=icon-180</subfield>
    <subfield code="x">icon-180</subfield>
    <subfield code="z">CDSINTERNAL|MediaArchive|Migrated from: http://mediaarchive.cern.ch/MediaArchive/Photo/Public/2012/1202007/1202007_41/1202007_41-Icon.jpg</subfield>
  </datafield>
  <datafield tag="856" ind1="4" ind2=" ">
    <subfield code="8">2610024</subfield>
    <subfield code="s">369408</subfield>
    <subfield code="u">http://cds.cern.ch/record/1421667/files/1202007_41.jpg?subformat=icon-1440</subfield>
    <subfield code="x">icon-1440</subfield>
    <subfield code="z">CDSINTERNAL|MediaArchive|Migrated from: http://mediaarchive.cern.ch/MediaArchive/Photo/Public/2012/1202007/1202007_41/1202007_41-A4-at-144-dpi.jpg</subfield>
  </datafield>
  <datafield tag="856" ind1="4" ind2=" ">
    <subfield code="8">2610024</subfield>
    <subfield code="s">62700</subfield>
    <subfield code="u">http://cds.cern.ch/record/1421667/files/1202007_41.jpg?subformat=icon-720</subfield>
    <subfield code="x">icon-720</subfield>
    <subfield code="z">CDSINTERNAL|MediaArchive|Migrated from: http://mediaarchive.cern.ch/MediaArchive/Photo/Public/2012/1202007/1202007_41/1202007_41-A5-at-72-dpi.jpg</subfield>
  </datafield>
  <datafield tag="856" ind1="4" ind2=" ">
    <subfield code="8">2610025</subfield>
    <subfield code="s">10191</subfield>
    <subfield code="u">http://cds.cern.ch/record/1421667/files/1202007_46.jpg?subformat=icon-180</subfield>
    <subfield code="x">icon-180</subfield>
    <subfield code="z">CDSINTERNAL|MediaArchive|Migrated from: http://mediaarchive.cern.ch/MediaArchive/Photo/Public/2012/1202007/1202007_46/1202007_46-Icon.jpg</subfield>
  </datafield>
  <datafield tag="856" ind1="4" ind2=" ">
    <subfield code="8">2610025</subfield>
    <subfield code="s">356792</subfield>
    <subfield code="u">http://cds.cern.ch/record/1421667/files/1202007_46.jpg?subformat=icon-1440</subfield>
    <subfield code="x">icon-1440</subfield>
    <subfield code="z">CDSINTERNAL|MediaArchive|Migrated from: http://mediaarchive.cern.ch/MediaArchive/Photo/Public/2012/1202007/1202007_46/1202007_46-A4-at-144-dpi.jpg</subfield>
  </datafield>
  <datafield tag="856" ind1="4" ind2=" ">
    <subfield code="8">2610025</subfield>
    <subfield code="s">65005</subfield>
    <subfield code="u">http://cds.cern.ch/record/1421667/files/1202007_46.jpg?subformat=icon-720</subfield>
    <subfield code="x">icon-720</subfield>
    <subfield code="z">CDSINTERNAL|MediaArchive|Migrated from: http://mediaarchive.cern.ch/MediaArchive/Photo/Public/2012/1202007/1202007_46/1202007_46-A5-at-72-dpi.jpg</subfield>
  </datafield>
  <datafield tag="856" ind1="4" ind2=" ">
    <subfield code="8">2610026</subfield>
    <subfield code="s">11796</subfield>
    <subfield code="u">http://cds.cern.ch/record/1421667/files/1202007_44.jpg?subformat=icon-180</subfield>
    <subfield code="x">icon-180</subfield>
    <subfield code="z">CDSINTERNAL|MediaArchive|Migrated from: http://mediaarchive.cern.ch/MediaArchive/Photo/Public/2012/1202007/1202007_44/1202007_44-Icon.jpg</subfield>
  </datafield>
  <datafield tag="856" ind1="4" ind2=" ">
    <subfield code="8">2610026</subfield>
    <subfield code="s">489148</subfield>
    <subfield code="u">http://cds.cern.ch/record/1421667/files/1202007_44.jpg?subformat=icon-1440</subfield>
    <subfield code="x">icon-1440</subfield>
    <subfield code="z">CDSINTERNAL|MediaArchive|Migrated from: http://mediaarchive.cern.ch/MediaArchive/Photo/Public/2012/1202007/1202007_44/1202007_44-A4-at-144-dpi.jpg</subfield>
  </datafield>
  <datafield tag="856" ind1="4" ind2=" ">
    <subfield code="8">2610026</subfield>
    <subfield code="s">79954</subfield>
    <subfield code="u">http://cds.cern.ch/record/1421667/files/1202007_44.jpg?subformat=icon-720</subfield>
    <subfield code="x">icon-720</subfield>
    <subfield code="z">CDSINTERNAL|MediaArchive|Migrated from: http://mediaarchive.cern.ch/MediaArchive/Photo/Public/2012/1202007/1202007_44/1202007_44-A5-at-72-dpi.jpg</subfield>
  </datafield>
  <datafield tag="856" ind1="4" ind2=" ">
    <subfield code="8">2610027</subfield>
    <subfield code="s">10331</subfield>
    <subfield code="u">http://cds.cern.ch/record/1421667/files/1202007_45.jpg?subformat=icon-180</subfield>
    <subfield code="x">icon-180</subfield>
    <subfield code="z">CDSINTERNAL|MediaArchive|Migrated from: http://mediaarchive.cern.ch/MediaArchive/Photo/Public/2012/1202007/1202007_45/1202007_45-Icon.jpg</subfield>
  </datafield>
  <datafield tag="856" ind1="4" ind2=" ">
    <subfield code="8">2610027</subfield>
    <subfield code="s">376531</subfield>
    <subfield code="u">http://cds.cern.ch/record/1421667/files/1202007_45.jpg?subformat=icon-1440</subfield>
    <subfield code="x">icon-1440</subfield>
    <subfield code="z">CDSINTERNAL|MediaArchive|Migrated from: http://mediaarchive.cern.ch/MediaArchive/Photo/Public/2012/1202007/1202007_45/1202007_45-A4-at-144-dpi.jpg</subfield>
  </datafield>
  <datafield tag="856" ind1="4" ind2=" ">
    <subfield code="8">2610027</subfield>
    <subfield code="s">67220</subfield>
    <subfield code="u">http://cds.cern.ch/record/1421667/files/1202007_45.jpg?subformat=icon-720</subfield>
    <subfield code="x">icon-720</subfield>
    <subfield code="z">CDSINTERNAL|MediaArchive|Migrated from: http://mediaarchive.cern.ch/MediaArchive/Photo/Public/2012/1202007/1202007_45/1202007_45-A5-at-72-dpi.jpg</subfield>
  </datafield>
  <datafield tag="856" ind1="4" ind2=" ">
    <subfield code="8">2610028</subfield>
    <subfield code="s">10729</subfield>
    <subfield code="u">http://cds.cern.ch/record/1421667/files/1202007_43.jpg?subformat=icon-180</subfield>
    <subfield code="x">icon-180</subfield>
    <subfield code="z">CDSINTERNAL|MediaArchive|Migrated from: http://mediaarchive.cern.ch/MediaArchive/Photo/Public/2012/1202007/1202007_43/1202007_43-Icon.jpg</subfield>
  </datafield>
  <datafield tag="856" ind1="4" ind2=" ">
    <subfield code="8">2610028</subfield>
    <subfield code="s">444387</subfield>
    <subfield code="u">http://cds.cern.ch/record/1421667/files/1202007_43.jpg?subformat=icon-1440</subfield>
    <subfield code="x">icon-1440</subfield>
    <subfield code="z">CDSINTERNAL|MediaArchive|Migrated from: http://mediaarchive.cern.ch/MediaArchive/Photo/Public/2012/1202007/1202007_43/1202007_43-A4-at-144-dpi.jpg</subfield>
  </datafield>
  <datafield tag="856" ind1="4" ind2=" ">
    <subfield code="8">2610028</subfield>
    <subfield code="s">70414</subfield>
    <subfield code="u">http://cds.cern.ch/record/1421667/files/1202007_43.jpg?subformat=icon-720</subfield>
    <subfield code="x">icon-720</subfield>
    <subfield code="z">CDSINTERNAL|MediaArchive|Migrated from: http://mediaarchive.cern.ch/MediaArchive/Photo/Public/2012/1202007/1202007_43/1202007_43-A5-at-72-dpi.jpg</subfield>
  </datafield>
  <datafield tag="856" ind1="4" ind2=" ">
    <subfield code="8">2610029</subfield>
    <subfield code="s">369679</subfield>
    <subfield code="u">http://cds.cern.ch/record/1421667/files/1202007_42.jpg?subformat=icon-1440</subfield>
    <subfield code="x">icon-1440</subfield>
    <subfield code="z">CDSINTERNAL|MediaArchive|Migrated from: http://mediaarchive.cern.ch/MediaArchive/Photo/Public/2012/1202007/1202007_42/1202007_42-A4-at-144-dpi.jpg</subfield>
  </datafield>
  <datafield tag="856" ind1="4" ind2=" ">
    <subfield code="8">2610029</subfield>
    <subfield code="s">61884</subfield>
    <subfield code="u">http://cds.cern.ch/record/1421667/files/1202007_42.jpg?subformat=icon-720</subfield>
    <subfield code="x">icon-720</subfield>
    <subfield code="z">CDSINTERNAL|MediaArchive|Migrated from: http://mediaarchive.cern.ch/MediaArchive/Photo/Public/2012/1202007/1202007_42/1202007_42-A5-at-72-dpi.jpg</subfield>
  </datafield>
  <datafield tag="856" ind1="4" ind2=" ">
    <subfield code="8">2610029</subfield>
    <subfield code="s">9218</subfield>
    <subfield code="u">http://cds.cern.ch/record/1421667/files/1202007_42.jpg?subformat=icon-180</subfield>
    <subfield code="x">icon-180</subfield>
    <subfield code="z">CDSINTERNAL|MediaArchive|Migrated from: http://mediaarchive.cern.ch/MediaArchive/Photo/Public/2012/1202007/1202007_42/1202007_42-Icon.jpg</subfield>
  </datafield>
  <datafield tag="856" ind1="4" ind2=" ">
    <subfield code="8">2610030</subfield>
    <subfield code="s">10379</subfield>
    <subfield code="u">http://cds.cern.ch/record/1421667/files/1202007_47.jpg?subformat=icon-180</subfield>
    <subfield code="x">icon-180</subfield>
    <subfield code="z">CDSINTERNAL|MediaArchive|Migrated from: http://mediaarchive.cern.ch/MediaArchive/Photo/Public/2012/1202007/1202007_47/1202007_47-Icon.jpg</subfield>
  </datafield>
  <datafield tag="856" ind1="4" ind2=" ">
    <subfield code="8">2610030</subfield>
    <subfield code="s">364969</subfield>
    <subfield code="u">http://cds.cern.ch/record/1421667/files/1202007_47.jpg?subformat=icon-1440</subfield>
    <subfield code="x">icon-1440</subfield>
    <subfield code="z">CDSINTERNAL|MediaArchive|Migrated from: http://mediaarchive.cern.ch/MediaArchive/Photo/Public/2012/1202007/1202007_47/1202007_47-A4-at-144-dpi.jpg</subfield>
  </datafield>
  <datafield tag="856" ind1="4" ind2=" ">
    <subfield code="8">2610030</subfield>
    <subfield code="s">68018</subfield>
    <subfield code="u">http://cds.cern.ch/record/1421667/files/1202007_47.jpg?subformat=icon-720</subfield>
    <subfield code="x">icon-720</subfield>
    <subfield code="z">CDSINTERNAL|MediaArchive|Migrated from: http://mediaarchive.cern.ch/MediaArchive/Photo/Public/2012/1202007/1202007_47/1202007_47-A5-at-72-dpi.jpg</subfield>
  </datafield>
  <datafield tag="856" ind1="4" ind2=" ">
    <subfield code="8">2610031</subfield>
    <subfield code="s">10209</subfield>
    <subfield code="u">http://cds.cern.ch/record/1421667/files/1202007_52.jpg?subformat=icon-180</subfield>
    <subfield code="x">icon-180</subfield>
    <subfield code="z">CDSINTERNAL|MediaArchive|Migrated from: http://mediaarchive.cern.ch/MediaArchive/Photo/Public/2012/1202007/1202007_52/1202007_52-Icon.jpg</subfield>
  </datafield>
  <datafield tag="856" ind1="4" ind2=" ">
    <subfield code="8">2610031</subfield>
    <subfield code="s">421329</subfield>
    <subfield code="u">http://cds.cern.ch/record/1421667/files/1202007_52.jpg?subformat=icon-1440</subfield>
    <subfield code="x">icon-1440</subfield>
    <subfield code="z">CDSINTERNAL|MediaArchive|Migrated from: http://mediaarchive.cern.ch/MediaArchive/Photo/Public/2012/1202007/1202007_52/1202007_52-A4-at-144-dpi.jpg</subfield>
  </datafield>
  <datafield tag="856" ind1="4" ind2=" ">
    <subfield code="8">2610031</subfield>
    <subfield code="s">66824</subfield>
    <subfield code="u">http://cds.cern.ch/record/1421667/files/1202007_52.jpg?subformat=icon-720</subfield>
    <subfield code="x">icon-720</subfield>
    <subfield code="z">CDSINTERNAL|MediaArchive|Migrated from: http://mediaarchive.cern.ch/MediaArchive/Photo/Public/2012/1202007/1202007_52/1202007_52-A5-at-72-dpi.jpg</subfield>
  </datafield>
  <datafield tag="856" ind1="4" ind2=" ">
    <subfield code="8">2610032</subfield>
    <subfield code="s">10601</subfield>
    <subfield code="u">http://cds.cern.ch/record/1421667/files/1202007_49.jpg?subformat=icon-180</subfield>
    <subfield code="x">icon-180</subfield>
    <subfield code="z">CDSINTERNAL|MediaArchive|Migrated from: http://mediaarchive.cern.ch/MediaArchive/Photo/Public/2012/1202007/1202007_49/1202007_49-Icon.jpg</subfield>
  </datafield>
  <datafield tag="856" ind1="4" ind2=" ">
    <subfield code="8">2610032</subfield>
    <subfield code="s">355414</subfield>
    <subfield code="u">http://cds.cern.ch/record/1421667/files/1202007_49.jpg?subformat=icon-1440</subfield>
    <subfield code="x">icon-1440</subfield>
    <subfield code="z">CDSINTERNAL|MediaArchive|Migrated from: http://mediaarchive.cern.ch/MediaArchive/Photo/Public/2012/1202007/1202007_49/1202007_49-A4-at-144-dpi.jpg</subfield>
  </datafield>
  <datafield tag="856" ind1="4" ind2=" ">
    <subfield code="8">2610032</subfield>
    <subfield code="s">72697</subfield>
    <subfield code="u">http://cds.cern.ch/record/1421667/files/1202007_49.jpg?subformat=icon-720</subfield>
    <subfield code="x">icon-720</subfield>
    <subfield code="z">CDSINTERNAL|MediaArchive|Migrated from: http://mediaarchive.cern.ch/MediaArchive/Photo/Public/2012/1202007/1202007_49/1202007_49-A5-at-72-dpi.jpg</subfield>
  </datafield>
  <datafield tag="856" ind1="4" ind2=" ">
    <subfield code="8">2610033</subfield>
    <subfield code="s">10115</subfield>
    <subfield code="u">http://cds.cern.ch/record/1421667/files/1202007_50.jpg?subformat=icon-180</subfield>
    <subfield code="x">icon-180</subfield>
    <subfield code="z">CDSINTERNAL|MediaArchive|Migrated from: http://mediaarchive.cern.ch/MediaArchive/Photo/Public/2012/1202007/1202007_50/1202007_50-Icon.jpg</subfield>
  </datafield>
  <datafield tag="856" ind1="4" ind2=" ">
    <subfield code="8">2610033</subfield>
    <subfield code="s">429211</subfield>
    <subfield code="u">http://cds.cern.ch/record/1421667/files/1202007_50.jpg?subformat=icon-1440</subfield>
    <subfield code="x">icon-1440</subfield>
    <subfield code="z">CDSINTERNAL|MediaArchive|Migrated from: http://mediaarchive.cern.ch/MediaArchive/Photo/Public/2012/1202007/1202007_50/1202007_50-A4-at-144-dpi.jpg</subfield>
  </datafield>
  <datafield tag="856" ind1="4" ind2=" ">
    <subfield code="8">2610033</subfield>
    <subfield code="s">64987</subfield>
    <subfield code="u">http://cds.cern.ch/record/1421667/files/1202007_50.jpg?subformat=icon-720</subfield>
    <subfield code="x">icon-720</subfield>
    <subfield code="z">CDSINTERNAL|MediaArchive|Migrated from: http://mediaarchive.cern.ch/MediaArchive/Photo/Public/2012/1202007/1202007_50/1202007_50-A5-at-72-dpi.jpg</subfield>
  </datafield>
  <datafield tag="856" ind1="4" ind2=" ">
    <subfield code="8">2610034</subfield>
    <subfield code="s">10677</subfield>
    <subfield code="u">http://cds.cern.ch/record/1421667/files/1202007_53.jpg?subformat=icon-180</subfield>
    <subfield code="x">icon-180</subfield>
    <subfield code="z">CDSINTERNAL|MediaArchive|Migrated from: http://mediaarchive.cern.ch/MediaArchive/Photo/Public/2012/1202007/1202007_53/1202007_53-Icon.jpg</subfield>
  </datafield>
  <datafield tag="856" ind1="4" ind2=" ">
    <subfield code="8">2610034</subfield>
    <subfield code="s">432751</subfield>
    <subfield code="u">http://cds.cern.ch/record/1421667/files/1202007_53.jpg?subformat=icon-1440</subfield>
    <subfield code="x">icon-1440</subfield>
    <subfield code="z">CDSINTERNAL|MediaArchive|Migrated from: http://mediaarchive.cern.ch/MediaArchive/Photo/Public/2012/1202007/1202007_53/1202007_53-A4-at-144-dpi.jpg</subfield>
  </datafield>
  <datafield tag="856" ind1="4" ind2=" ">
    <subfield code="8">2610034</subfield>
    <subfield code="s">68482</subfield>
    <subfield code="u">http://cds.cern.ch/record/1421667/files/1202007_53.jpg?subformat=icon-720</subfield>
    <subfield code="x">icon-720</subfield>
    <subfield code="z">CDSINTERNAL|MediaArchive|Migrated from: http://mediaarchive.cern.ch/MediaArchive/Photo/Public/2012/1202007/1202007_53/1202007_53-A5-at-72-dpi.jpg</subfield>
  </datafield>
  <datafield tag="856" ind1="4" ind2=" ">
    <subfield code="8">2610035</subfield>
    <subfield code="s">11084</subfield>
    <subfield code="u">http://cds.cern.ch/record/1421667/files/1202007_56.jpg?subformat=icon-180</subfield>
    <subfield code="x">icon-180</subfield>
    <subfield code="z">CDSINTERNAL|MediaArchive|Migrated from: http://mediaarchive.cern.ch/MediaArchive/Photo/Public/2012/1202007/1202007_56/1202007_56-Icon.jpg</subfield>
  </datafield>
  <datafield tag="856" ind1="4" ind2=" ">
    <subfield code="8">2610035</subfield>
    <subfield code="s">461585</subfield>
    <subfield code="u">http://cds.cern.ch/record/1421667/files/1202007_56.jpg?subformat=icon-1440</subfield>
    <subfield code="x">icon-1440</subfield>
    <subfield code="z">CDSINTERNAL|MediaArchive|Migrated from: http://mediaarchive.cern.ch/MediaArchive/Photo/Public/2012/1202007/1202007_56/1202007_56-A4-at-144-dpi.jpg</subfield>
  </datafield>
  <datafield tag="856" ind1="4" ind2=" ">
    <subfield code="8">2610035</subfield>
    <subfield code="s">72717</subfield>
    <subfield code="u">http://cds.cern.ch/record/1421667/files/1202007_56.jpg?subformat=icon-720</subfield>
    <subfield code="x">icon-720</subfield>
    <subfield code="z">CDSINTERNAL|MediaArchive|Migrated from: http://mediaarchive.cern.ch/MediaArchive/Photo/Public/2012/1202007/1202007_56/1202007_56-A5-at-72-dpi.jpg</subfield>
  </datafield>
  <datafield tag="856" ind1="4" ind2=" ">
    <subfield code="8">2610036</subfield>
    <subfield code="s">10122</subfield>
    <subfield code="u">http://cds.cern.ch/record/1421667/files/1202007_57.jpg?subformat=icon-180</subfield>
    <subfield code="x">icon-180</subfield>
    <subfield code="z">CDSINTERNAL|MediaArchive|Migrated from: http://mediaarchive.cern.ch/MediaArchive/Photo/Public/2012/1202007/1202007_57/1202007_57-Icon.jpg</subfield>
  </datafield>
  <datafield tag="856" ind1="4" ind2=" ">
    <subfield code="8">2610036</subfield>
    <subfield code="s">377528</subfield>
    <subfield code="u">http://cds.cern.ch/record/1421667/files/1202007_57.jpg?subformat=icon-1440</subfield>
    <subfield code="x">icon-1440</subfield>
    <subfield code="z">CDSINTERNAL|MediaArchive|Migrated from: http://mediaarchive.cern.ch/MediaArchive/Photo/Public/2012/1202007/1202007_57/1202007_57-A4-at-144-dpi.jpg</subfield>
  </datafield>
  <datafield tag="856" ind1="4" ind2=" ">
    <subfield code="8">2610036</subfield>
    <subfield code="s">62606</subfield>
    <subfield code="u">http://cds.cern.ch/record/1421667/files/1202007_57.jpg?subformat=icon-720</subfield>
    <subfield code="x">icon-720</subfield>
    <subfield code="z">CDSINTERNAL|MediaArchive|Migrated from: http://mediaarchive.cern.ch/MediaArchive/Photo/Public/2012/1202007/1202007_57/1202007_57-A5-at-72-dpi.jpg</subfield>
  </datafield>
  <datafield tag="856" ind1="4" ind2=" ">
    <subfield code="8">2610037</subfield>
    <subfield code="s">316218</subfield>
    <subfield code="u">http://cds.cern.ch/record/1421667/files/1202007_48.jpg?subformat=icon-1440</subfield>
    <subfield code="x">icon-1440</subfield>
    <subfield code="z">CDSINTERNAL|MediaArchive|Migrated from: http://mediaarchive.cern.ch/MediaArchive/Photo/Public/2012/1202007/1202007_48/1202007_48-A4-at-144-dpi.jpg</subfield>
  </datafield>
  <datafield tag="856" ind1="4" ind2=" ">
    <subfield code="8">2610037</subfield>
    <subfield code="s">58701</subfield>
    <subfield code="u">http://cds.cern.ch/record/1421667/files/1202007_48.jpg?subformat=icon-720</subfield>
    <subfield code="x">icon-720</subfield>
    <subfield code="z">CDSINTERNAL|MediaArchive|Migrated from: http://mediaarchive.cern.ch/MediaArchive/Photo/Public/2012/1202007/1202007_48/1202007_48-A5-at-72-dpi.jpg</subfield>
  </datafield>
  <datafield tag="856" ind1="4" ind2=" ">
    <subfield code="8">2610037</subfield>
    <subfield code="s">9415</subfield>
    <subfield code="u">http://cds.cern.ch/record/1421667/files/1202007_48.jpg?subformat=icon-180</subfield>
    <subfield code="x">icon-180</subfield>
    <subfield code="z">CDSINTERNAL|MediaArchive|Migrated from: http://mediaarchive.cern.ch/MediaArchive/Photo/Public/2012/1202007/1202007_48/1202007_48-Icon.jpg</subfield>
  </datafield>
  <datafield tag="856" ind1="4" ind2=" ">
    <subfield code="8">2610038</subfield>
    <subfield code="s">10815</subfield>
    <subfield code="u">http://cds.cern.ch/record/1421667/files/1202007_54.jpg?subformat=icon-180</subfield>
    <subfield code="x">icon-180</subfield>
    <subfield code="z">CDSINTERNAL|MediaArchive|Migrated from: http://mediaarchive.cern.ch/MediaArchive/Photo/Public/2012/1202007/1202007_54/1202007_54-Icon.jpg</subfield>
  </datafield>
  <datafield tag="856" ind1="4" ind2=" ">
    <subfield code="8">2610038</subfield>
    <subfield code="s">417810</subfield>
    <subfield code="u">http://cds.cern.ch/record/1421667/files/1202007_54.jpg?subformat=icon-1440</subfield>
    <subfield code="x">icon-1440</subfield>
    <subfield code="z">CDSINTERNAL|MediaArchive|Migrated from: http://mediaarchive.cern.ch/MediaArchive/Photo/Public/2012/1202007/1202007_54/1202007_54-A4-at-144-dpi.jpg</subfield>
  </datafield>
  <datafield tag="856" ind1="4" ind2=" ">
    <subfield code="8">2610038</subfield>
    <subfield code="s">68019</subfield>
    <subfield code="u">http://cds.cern.ch/record/1421667/files/1202007_54.jpg?subformat=icon-720</subfield>
    <subfield code="x">icon-720</subfield>
    <subfield code="z">CDSINTERNAL|MediaArchive|Migrated from: http://mediaarchive.cern.ch/MediaArchive/Photo/Public/2012/1202007/1202007_54/1202007_54-A5-at-72-dpi.jpg</subfield>
  </datafield>
  <datafield tag="856" ind1="4" ind2=" ">
    <subfield code="8">2610039</subfield>
    <subfield code="s">10381</subfield>
    <subfield code="u">http://cds.cern.ch/record/1421667/files/1202007_58.jpg?subformat=icon-180</subfield>
    <subfield code="x">icon-180</subfield>
    <subfield code="z">CDSINTERNAL|MediaArchive|Migrated from: http://mediaarchive.cern.ch/MediaArchive/Photo/Public/2012/1202007/1202007_58/1202007_58-Icon.jpg</subfield>
  </datafield>
  <datafield tag="856" ind1="4" ind2=" ">
    <subfield code="8">2610039</subfield>
    <subfield code="s">410937</subfield>
    <subfield code="u">http://cds.cern.ch/record/1421667/files/1202007_58.jpg?subformat=icon-1440</subfield>
    <subfield code="x">icon-1440</subfield>
    <subfield code="z">CDSINTERNAL|MediaArchive|Migrated from: http://mediaarchive.cern.ch/MediaArchive/Photo/Public/2012/1202007/1202007_58/1202007_58-A4-at-144-dpi.jpg</subfield>
  </datafield>
  <datafield tag="856" ind1="4" ind2=" ">
    <subfield code="8">2610039</subfield>
    <subfield code="s">66854</subfield>
    <subfield code="u">http://cds.cern.ch/record/1421667/files/1202007_58.jpg?subformat=icon-720</subfield>
    <subfield code="x">icon-720</subfield>
    <subfield code="z">CDSINTERNAL|MediaArchive|Migrated from: http://mediaarchive.cern.ch/MediaArchive/Photo/Public/2012/1202007/1202007_58/1202007_58-A5-at-72-dpi.jpg</subfield>
  </datafield>
  <datafield tag="856" ind1="4" ind2=" ">
    <subfield code="8">2610040</subfield>
    <subfield code="s">417901</subfield>
    <subfield code="u">http://cds.cern.ch/record/1421667/files/1202007_62.jpg?subformat=icon-1440</subfield>
    <subfield code="x">icon-1440</subfield>
    <subfield code="z">CDSINTERNAL|MediaArchive|Migrated from: http://mediaarchive.cern.ch/MediaArchive/Photo/Public/2012/1202007/1202007_62/1202007_62-A4-at-144-dpi.jpg</subfield>
  </datafield>
  <datafield tag="856" ind1="4" ind2=" ">
    <subfield code="8">2610040</subfield>
    <subfield code="s">63942</subfield>
    <subfield code="u">http://cds.cern.ch/record/1421667/files/1202007_62.jpg?subformat=icon-720</subfield>
    <subfield code="x">icon-720</subfield>
    <subfield code="z">CDSINTERNAL|MediaArchive|Migrated from: http://mediaarchive.cern.ch/MediaArchive/Photo/Public/2012/1202007/1202007_62/1202007_62-A5-at-72-dpi.jpg</subfield>
  </datafield>
  <datafield tag="856" ind1="4" ind2=" ">
    <subfield code="8">2610040</subfield>
    <subfield code="s">9896</subfield>
    <subfield code="u">http://cds.cern.ch/record/1421667/files/1202007_62.jpg?subformat=icon-180</subfield>
    <subfield code="x">icon-180</subfield>
    <subfield code="z">CDSINTERNAL|MediaArchive|Migrated from: http://mediaarchive.cern.ch/MediaArchive/Photo/Public/2012/1202007/1202007_62/1202007_62-Icon.jpg</subfield>
  </datafield>
  <datafield tag="856" ind1="4" ind2=" ">
    <subfield code="8">2610041</subfield>
    <subfield code="s">10417</subfield>
    <subfield code="u">http://cds.cern.ch/record/1421667/files/1202007_51.jpg?subformat=icon-180</subfield>
    <subfield code="x">icon-180</subfield>
    <subfield code="z">CDSINTERNAL|MediaArchive|Migrated from: http://mediaarchive.cern.ch/MediaArchive/Photo/Public/2012/1202007/1202007_51/1202007_51-Icon.jpg</subfield>
  </datafield>
  <datafield tag="856" ind1="4" ind2=" ">
    <subfield code="8">2610041</subfield>
    <subfield code="s">328241</subfield>
    <subfield code="u">http://cds.cern.ch/record/1421667/files/1202007_51.jpg?subformat=icon-1440</subfield>
    <subfield code="x">icon-1440</subfield>
    <subfield code="z">CDSINTERNAL|MediaArchive|Migrated from: http://mediaarchive.cern.ch/MediaArchive/Photo/Public/2012/1202007/1202007_51/1202007_51-A4-at-144-dpi.jpg</subfield>
  </datafield>
  <datafield tag="856" ind1="4" ind2=" ">
    <subfield code="8">2610041</subfield>
    <subfield code="s">59403</subfield>
    <subfield code="u">http://cds.cern.ch/record/1421667/files/1202007_51.jpg?subformat=icon-720</subfield>
    <subfield code="x">icon-720</subfield>
    <subfield code="z">CDSINTERNAL|MediaArchive|Migrated from: http://mediaarchive.cern.ch/MediaArchive/Photo/Public/2012/1202007/1202007_51/1202007_51-A5-at-72-dpi.jpg</subfield>
  </datafield>
  <datafield tag="856" ind1="4" ind2=" ">
    <subfield code="8">2610042</subfield>
    <subfield code="s">10541</subfield>
    <subfield code="u">http://cds.cern.ch/record/1421667/files/1202007_55.jpg?subformat=icon-180</subfield>
    <subfield code="x">icon-180</subfield>
    <subfield code="z">CDSINTERNAL|MediaArchive|Migrated from: http://mediaarchive.cern.ch/MediaArchive/Photo/Public/2012/1202007/1202007_55/1202007_55-Icon.jpg</subfield>
  </datafield>
  <datafield tag="856" ind1="4" ind2=" ">
    <subfield code="8">2610042</subfield>
    <subfield code="s">372024</subfield>
    <subfield code="u">http://cds.cern.ch/record/1421667/files/1202007_55.jpg?subformat=icon-1440</subfield>
    <subfield code="x">icon-1440</subfield>
    <subfield code="z">CDSINTERNAL|MediaArchive|Migrated from: http://mediaarchive.cern.ch/MediaArchive/Photo/Public/2012/1202007/1202007_55/1202007_55-A4-at-144-dpi.jpg</subfield>
  </datafield>
  <datafield tag="856" ind1="4" ind2=" ">
    <subfield code="8">2610042</subfield>
    <subfield code="s">65301</subfield>
    <subfield code="u">http://cds.cern.ch/record/1421667/files/1202007_55.jpg?subformat=icon-720</subfield>
    <subfield code="x">icon-720</subfield>
    <subfield code="z">CDSINTERNAL|MediaArchive|Migrated from: http://mediaarchive.cern.ch/MediaArchive/Photo/Public/2012/1202007/1202007_55/1202007_55-A5-at-72-dpi.jpg</subfield>
  </datafield>
  <datafield tag="856" ind1="4" ind2=" ">
    <subfield code="8">2610043</subfield>
    <subfield code="s">11246</subfield>
    <subfield code="u">http://cds.cern.ch/record/1421667/files/1202007_60.jpg?subformat=icon-180</subfield>
    <subfield code="x">icon-180</subfield>
    <subfield code="z">CDSINTERNAL|MediaArchive|Migrated from: http://mediaarchive.cern.ch/MediaArchive/Photo/Public/2012/1202007/1202007_60/1202007_60-Icon.jpg</subfield>
  </datafield>
  <datafield tag="856" ind1="4" ind2=" ">
    <subfield code="8">2610043</subfield>
    <subfield code="s">407523</subfield>
    <subfield code="u">http://cds.cern.ch/record/1421667/files/1202007_60.jpg?subformat=icon-1440</subfield>
    <subfield code="x">icon-1440</subfield>
    <subfield code="z">CDSINTERNAL|MediaArchive|Migrated from: http://mediaarchive.cern.ch/MediaArchive/Photo/Public/2012/1202007/1202007_60/1202007_60-A4-at-144-dpi.jpg</subfield>
  </datafield>
  <datafield tag="856" ind1="4" ind2=" ">
    <subfield code="8">2610043</subfield>
    <subfield code="s">68270</subfield>
    <subfield code="u">http://cds.cern.ch/record/1421667/files/1202007_60.jpg?subformat=icon-720</subfield>
    <subfield code="x">icon-720</subfield>
    <subfield code="z">CDSINTERNAL|MediaArchive|Migrated from: http://mediaarchive.cern.ch/MediaArchive/Photo/Public/2012/1202007/1202007_60/1202007_60-A5-at-72-dpi.jpg</subfield>
  </datafield>
  <datafield tag="856" ind1="4" ind2=" ">
    <subfield code="8">2610044</subfield>
    <subfield code="s">396185</subfield>
    <subfield code="u">http://cds.cern.ch/record/1421667/files/1202007_59.jpg?subformat=icon-1440</subfield>
    <subfield code="x">icon-1440</subfield>
    <subfield code="z">CDSINTERNAL|MediaArchive|Migrated from: http://mediaarchive.cern.ch/MediaArchive/Photo/Public/2012/1202007/1202007_59/1202007_59-A4-at-144-dpi.jpg</subfield>
  </datafield>
  <datafield tag="856" ind1="4" ind2=" ">
    <subfield code="8">2610044</subfield>
    <subfield code="s">59847</subfield>
    <subfield code="u">http://cds.cern.ch/record/1421667/files/1202007_59.jpg?subformat=icon-720</subfield>
    <subfield code="x">icon-720</subfield>
    <subfield code="z">CDSINTERNAL|MediaArchive|Migrated from: http://mediaarchive.cern.ch/MediaArchive/Photo/Public/2012/1202007/1202007_59/1202007_59-A5-at-72-dpi.jpg</subfield>
  </datafield>
  <datafield tag="856" ind1="4" ind2=" ">
    <subfield code="8">2610044</subfield>
    <subfield code="s">9569</subfield>
    <subfield code="u">http://cds.cern.ch/record/1421667/files/1202007_59.jpg?subformat=icon-180</subfield>
    <subfield code="x">icon-180</subfield>
    <subfield code="z">CDSINTERNAL|MediaArchive|Migrated from: http://mediaarchive.cern.ch/MediaArchive/Photo/Public/2012/1202007/1202007_59/1202007_59-Icon.jpg</subfield>
  </datafield>
  <datafield tag="856" ind1="4" ind2=" ">
    <subfield code="8">2610045</subfield>
    <subfield code="s">10754</subfield>
    <subfield code="u">http://cds.cern.ch/record/1421667/files/1202007_61.jpg?subformat=icon-180</subfield>
    <subfield code="x">icon-180</subfield>
    <subfield code="z">CDSINTERNAL|MediaArchive|Migrated from: http://mediaarchive.cern.ch/MediaArchive/Photo/Public/2012/1202007/1202007_61/1202007_61-Icon.jpg</subfield>
  </datafield>
  <datafield tag="856" ind1="4" ind2=" ">
    <subfield code="8">2610045</subfield>
    <subfield code="s">429898</subfield>
    <subfield code="u">http://cds.cern.ch/record/1421667/files/1202007_61.jpg?subformat=icon-1440</subfield>
    <subfield code="x">icon-1440</subfield>
    <subfield code="z">CDSINTERNAL|MediaArchive|Migrated from: http://mediaarchive.cern.ch/MediaArchive/Photo/Public/2012/1202007/1202007_61/1202007_61-A4-at-144-dpi.jpg</subfield>
  </datafield>
  <datafield tag="856" ind1="4" ind2=" ">
    <subfield code="8">2610045</subfield>
    <subfield code="s">69058</subfield>
    <subfield code="u">http://cds.cern.ch/record/1421667/files/1202007_61.jpg?subformat=icon-720</subfield>
    <subfield code="x">icon-720</subfield>
    <subfield code="z">CDSINTERNAL|MediaArchive|Migrated from: http://mediaarchive.cern.ch/MediaArchive/Photo/Public/2012/1202007/1202007_61/1202007_61-A5-at-72-dpi.jpg</subfield>
  </datafield>
  <datafield tag="856" ind1="4" ind2=" ">
    <subfield code="8">2610046</subfield>
    <subfield code="s">10686</subfield>
    <subfield code="u">http://cds.cern.ch/record/1421667/files/1202007_10.jpg?subformat=icon-180</subfield>
    <subfield code="x">icon-180</subfield>
    <subfield code="z">CDSINTERNAL|MediaArchive|Migrated from: http://mediaarchive.cern.ch/MediaArchive/Photo/Public/2012/1202007/1202007_10/1202007_10-Icon.jpg</subfield>
  </datafield>
  <datafield tag="856" ind1="4" ind2=" ">
    <subfield code="8">2610046</subfield>
    <subfield code="s">445784</subfield>
    <subfield code="u">http://cds.cern.ch/record/1421667/files/1202007_10.jpg?subformat=icon-1440</subfield>
    <subfield code="x">icon-1440</subfield>
    <subfield code="z">CDSINTERNAL|MediaArchive|Migrated from: http://mediaarchive.cern.ch/MediaArchive/Photo/Public/2012/1202007/1202007_10/1202007_10-A4-at-144-dpi.jpg</subfield>
  </datafield>
  <datafield tag="856" ind1="4" ind2=" ">
    <subfield code="8">2610046</subfield>
    <subfield code="s">70615</subfield>
    <subfield code="u">http://cds.cern.ch/record/1421667/files/1202007_10.jpg?subformat=icon-720</subfield>
    <subfield code="x">icon-720</subfield>
    <subfield code="z">CDSINTERNAL|MediaArchive|Migrated from: http://mediaarchive.cern.ch/MediaArchive/Photo/Public/2012/1202007/1202007_10/1202007_10-A5-at-72-dpi.jpg</subfield>
  </datafield>
  <datafield tag="856" ind1="4" ind2=" ">
    <subfield code="8">2610047</subfield>
    <subfield code="s">273131</subfield>
    <subfield code="u">http://cds.cern.ch/record/1421667/files/1202007_13.jpg?subformat=icon-1440</subfield>
    <subfield code="x">icon-1440</subfield>
    <subfield code="z">CDSINTERNAL|MediaArchive|Migrated from: http://mediaarchive.cern.ch/MediaArchive/Photo/Public/2012/1202007/1202007_13/1202007_13-A4-at-144-dpi.jpg</subfield>
  </datafield>
  <datafield tag="856" ind1="4" ind2=" ">
    <subfield code="8">2610047</subfield>
    <subfield code="s">49224</subfield>
    <subfield code="u">http://cds.cern.ch/record/1421667/files/1202007_13.jpg?subformat=icon-720</subfield>
    <subfield code="x">icon-720</subfield>
    <subfield code="z">CDSINTERNAL|MediaArchive|Migrated from: http://mediaarchive.cern.ch/MediaArchive/Photo/Public/2012/1202007/1202007_13/1202007_13-A5-at-72-dpi.jpg</subfield>
  </datafield>
  <datafield tag="856" ind1="4" ind2=" ">
    <subfield code="8">2610047</subfield>
    <subfield code="s">8309</subfield>
    <subfield code="u">http://cds.cern.ch/record/1421667/files/1202007_13.jpg?subformat=icon-180</subfield>
    <subfield code="x">icon-180</subfield>
    <subfield code="z">CDSINTERNAL|MediaArchive|Migrated from: http://mediaarchive.cern.ch/MediaArchive/Photo/Public/2012/1202007/1202007_13/1202007_13-Icon.jpg</subfield>
  </datafield>
  <datafield tag="856" ind1="4" ind2=" ">
    <subfield code="8">2610048</subfield>
    <subfield code="s">429953</subfield>
    <subfield code="u">http://cds.cern.ch/record/1421667/files/1202007_15.jpg?subformat=icon-1440</subfield>
    <subfield code="x">icon-1440</subfield>
    <subfield code="z">CDSINTERNAL|MediaArchive|Migrated from: http://mediaarchive.cern.ch/MediaArchive/Photo/Public/2012/1202007/1202007_15/1202007_15-A4-at-144-dpi.jpg</subfield>
  </datafield>
  <datafield tag="856" ind1="4" ind2=" ">
    <subfield code="8">2610048</subfield>
    <subfield code="s">66138</subfield>
    <subfield code="u">http://cds.cern.ch/record/1421667/files/1202007_15.jpg?subformat=icon-720</subfield>
    <subfield code="x">icon-720</subfield>
    <subfield code="z">CDSINTERNAL|MediaArchive|Migrated from: http://mediaarchive.cern.ch/MediaArchive/Photo/Public/2012/1202007/1202007_15/1202007_15-A5-at-72-dpi.jpg</subfield>
  </datafield>
  <datafield tag="856" ind1="4" ind2=" ">
    <subfield code="8">2610048</subfield>
    <subfield code="s">9442</subfield>
    <subfield code="u">http://cds.cern.ch/record/1421667/files/1202007_15.jpg?subformat=icon-180</subfield>
    <subfield code="x">icon-180</subfield>
    <subfield code="z">CDSINTERNAL|MediaArchive|Migrated from: http://mediaarchive.cern.ch/MediaArchive/Photo/Public/2012/1202007/1202007_15/1202007_15-Icon.jpg</subfield>
  </datafield>
  <datafield tag="856" ind1="4" ind2=" ">
    <subfield code="8">2610049</subfield>
    <subfield code="s">11070</subfield>
    <subfield code="u">http://cds.cern.ch/record/1421667/files/1202007_11.jpg?subformat=icon-180</subfield>
    <subfield code="x">icon-180</subfield>
    <subfield code="z">CDSINTERNAL|MediaArchive|Migrated from: http://mediaarchive.cern.ch/MediaArchive/Photo/Public/2012/1202007/1202007_11/1202007_11-Icon.jpg</subfield>
  </datafield>
  <datafield tag="856" ind1="4" ind2=" ">
    <subfield code="8">2610049</subfield>
    <subfield code="s">418181</subfield>
    <subfield code="u">http://cds.cern.ch/record/1421667/files/1202007_11.jpg?subformat=icon-1440</subfield>
    <subfield code="x">icon-1440</subfield>
    <subfield code="z">CDSINTERNAL|MediaArchive|Migrated from: http://mediaarchive.cern.ch/MediaArchive/Photo/Public/2012/1202007/1202007_11/1202007_11-A4-at-144-dpi.jpg</subfield>
  </datafield>
  <datafield tag="856" ind1="4" ind2=" ">
    <subfield code="8">2610049</subfield>
    <subfield code="s">68144</subfield>
    <subfield code="u">http://cds.cern.ch/record/1421667/files/1202007_11.jpg?subformat=icon-720</subfield>
    <subfield code="x">icon-720</subfield>
    <subfield code="z">CDSINTERNAL|MediaArchive|Migrated from: http://mediaarchive.cern.ch/MediaArchive/Photo/Public/2012/1202007/1202007_11/1202007_11-A5-at-72-dpi.jpg</subfield>
  </datafield>
  <datafield tag="856" ind1="4" ind2=" ">
    <subfield code="8">2610050</subfield>
    <subfield code="s">321505</subfield>
    <subfield code="u">http://cds.cern.ch/record/1421667/files/1202007_14.jpg?subformat=icon-1440</subfield>
    <subfield code="x">icon-1440</subfield>
    <subfield code="z">CDSINTERNAL|MediaArchive|Migrated from: http://mediaarchive.cern.ch/MediaArchive/Photo/Public/2012/1202007/1202007_14/1202007_14-A4-at-144-dpi.jpg</subfield>
  </datafield>
  <datafield tag="856" ind1="4" ind2=" ">
    <subfield code="8">2610050</subfield>
    <subfield code="s">58792</subfield>
    <subfield code="u">http://cds.cern.ch/record/1421667/files/1202007_14.jpg?subformat=icon-720</subfield>
    <subfield code="x">icon-720</subfield>
    <subfield code="z">CDSINTERNAL|MediaArchive|Migrated from: http://mediaarchive.cern.ch/MediaArchive/Photo/Public/2012/1202007/1202007_14/1202007_14-A5-at-72-dpi.jpg</subfield>
  </datafield>
  <datafield tag="856" ind1="4" ind2=" ">
    <subfield code="8">2610050</subfield>
    <subfield code="s">9416</subfield>
    <subfield code="u">http://cds.cern.ch/record/1421667/files/1202007_14.jpg?subformat=icon-180</subfield>
    <subfield code="x">icon-180</subfield>
    <subfield code="z">CDSINTERNAL|MediaArchive|Migrated from: http://mediaarchive.cern.ch/MediaArchive/Photo/Public/2012/1202007/1202007_14/1202007_14-Icon.jpg</subfield>
  </datafield>
  <datafield tag="856" ind1="4" ind2=" ">
    <subfield code="8">2610051</subfield>
    <subfield code="s">10553</subfield>
    <subfield code="u">http://cds.cern.ch/record/1421667/files/1202007_22.jpg?subformat=icon-180</subfield>
    <subfield code="x">icon-180</subfield>
    <subfield code="z">CDSINTERNAL|MediaArchive|Migrated from: http://mediaarchive.cern.ch/MediaArchive/Photo/Public/2012/1202007/1202007_22/1202007_22-Icon.jpg</subfield>
  </datafield>
  <datafield tag="856" ind1="4" ind2=" ">
    <subfield code="8">2610051</subfield>
    <subfield code="s">368113</subfield>
    <subfield code="u">http://cds.cern.ch/record/1421667/files/1202007_22.jpg?subformat=icon-1440</subfield>
    <subfield code="x">icon-1440</subfield>
    <subfield code="z">CDSINTERNAL|MediaArchive|Migrated from: http://mediaarchive.cern.ch/MediaArchive/Photo/Public/2012/1202007/1202007_22/1202007_22-A4-at-144-dpi.jpg</subfield>
  </datafield>
  <datafield tag="856" ind1="4" ind2=" ">
    <subfield code="8">2610051</subfield>
    <subfield code="s">66677</subfield>
    <subfield code="u">http://cds.cern.ch/record/1421667/files/1202007_22.jpg?subformat=icon-720</subfield>
    <subfield code="x">icon-720</subfield>
    <subfield code="z">CDSINTERNAL|MediaArchive|Migrated from: http://mediaarchive.cern.ch/MediaArchive/Photo/Public/2012/1202007/1202007_22/1202007_22-A5-at-72-dpi.jpg</subfield>
  </datafield>
  <datafield tag="856" ind1="4" ind2=" ">
    <subfield code="8">2610052</subfield>
    <subfield code="s">414520</subfield>
    <subfield code="u">http://cds.cern.ch/record/1421667/files/1202007_23.jpg?subformat=icon-1440</subfield>
    <subfield code="x">icon-1440</subfield>
    <subfield code="z">CDSINTERNAL|MediaArchive|Migrated from: http://mediaarchive.cern.ch/MediaArchive/Photo/Public/2012/1202007/1202007_23/1202007_23-A4-at-144-dpi.jpg</subfield>
  </datafield>
  <datafield tag="856" ind1="4" ind2=" ">
    <subfield code="8">2610052</subfield>
    <subfield code="s">61751</subfield>
    <subfield code="u">http://cds.cern.ch/record/1421667/files/1202007_23.jpg?subformat=icon-720</subfield>
    <subfield code="x">icon-720</subfield>
    <subfield code="z">CDSINTERNAL|MediaArchive|Migrated from: http://mediaarchive.cern.ch/MediaArchive/Photo/Public/2012/1202007/1202007_23/1202007_23-A5-at-72-dpi.jpg</subfield>
  </datafield>
  <datafield tag="856" ind1="4" ind2=" ">
    <subfield code="8">2610052</subfield>
    <subfield code="s">8845</subfield>
    <subfield code="u">http://cds.cern.ch/record/1421667/files/1202007_23.jpg?subformat=icon-180</subfield>
    <subfield code="x">icon-180</subfield>
    <subfield code="z">CDSINTERNAL|MediaArchive|Migrated from: http://mediaarchive.cern.ch/MediaArchive/Photo/Public/2012/1202007/1202007_23/1202007_23-Icon.jpg</subfield>
  </datafield>
  <datafield tag="856" ind1="4" ind2=" ">
    <subfield code="8">2610053</subfield>
    <subfield code="s">10830</subfield>
    <subfield code="u">http://cds.cern.ch/record/1421667/files/1202007_17.jpg?subformat=icon-180</subfield>
    <subfield code="x">icon-180</subfield>
    <subfield code="z">CDSINTERNAL|MediaArchive|Migrated from: http://mediaarchive.cern.ch/MediaArchive/Photo/Public/2012/1202007/1202007_17/1202007_17-Icon.jpg</subfield>
  </datafield>
  <datafield tag="856" ind1="4" ind2=" ">
    <subfield code="8">2610053</subfield>
    <subfield code="s">414851</subfield>
    <subfield code="u">http://cds.cern.ch/record/1421667/files/1202007_17.jpg?subformat=icon-1440</subfield>
    <subfield code="x">icon-1440</subfield>
    <subfield code="z">CDSINTERNAL|MediaArchive|Migrated from: http://mediaarchive.cern.ch/MediaArchive/Photo/Public/2012/1202007/1202007_17/1202007_17-A4-at-144-dpi.jpg</subfield>
  </datafield>
  <datafield tag="856" ind1="4" ind2=" ">
    <subfield code="8">2610053</subfield>
    <subfield code="s">65289</subfield>
    <subfield code="u">http://cds.cern.ch/record/1421667/files/1202007_17.jpg?subformat=icon-720</subfield>
    <subfield code="x">icon-720</subfield>
    <subfield code="z">CDSINTERNAL|MediaArchive|Migrated from: http://mediaarchive.cern.ch/MediaArchive/Photo/Public/2012/1202007/1202007_17/1202007_17-A5-at-72-dpi.jpg</subfield>
  </datafield>
  <datafield tag="856" ind1="4" ind2=" ">
    <subfield code="8">2610054</subfield>
    <subfield code="s">407263</subfield>
    <subfield code="u">http://cds.cern.ch/record/1421667/files/1202007_21.jpg?subformat=icon-1440</subfield>
    <subfield code="x">icon-1440</subfield>
    <subfield code="z">CDSINTERNAL|MediaArchive|Migrated from: http://mediaarchive.cern.ch/MediaArchive/Photo/Public/2012/1202007/1202007_21/1202007_21-A4-at-144-dpi.jpg</subfield>
  </datafield>
  <datafield tag="856" ind1="4" ind2=" ">
    <subfield code="8">2610054</subfield>
    <subfield code="s">65360</subfield>
    <subfield code="u">http://cds.cern.ch/record/1421667/files/1202007_21.jpg?subformat=icon-720</subfield>
    <subfield code="x">icon-720</subfield>
    <subfield code="z">CDSINTERNAL|MediaArchive|Migrated from: http://mediaarchive.cern.ch/MediaArchive/Photo/Public/2012/1202007/1202007_21/1202007_21-A5-at-72-dpi.jpg</subfield>
  </datafield>
  <datafield tag="856" ind1="4" ind2=" ">
    <subfield code="8">2610054</subfield>
    <subfield code="s">9864</subfield>
    <subfield code="u">http://cds.cern.ch/record/1421667/files/1202007_21.jpg?subformat=icon-180</subfield>
    <subfield code="x">icon-180</subfield>
    <subfield code="z">CDSINTERNAL|MediaArchive|Migrated from: http://mediaarchive.cern.ch/MediaArchive/Photo/Public/2012/1202007/1202007_21/1202007_21-Icon.jpg</subfield>
  </datafield>
  <datafield tag="856" ind1="4" ind2=" ">
    <subfield code="8">2610055</subfield>
    <subfield code="s">10967</subfield>
    <subfield code="u">http://cds.cern.ch/record/1421667/files/1202007_24.jpg?subformat=icon-180</subfield>
    <subfield code="x">icon-180</subfield>
    <subfield code="z">CDSINTERNAL|MediaArchive|Migrated from: http://mediaarchive.cern.ch/MediaArchive/Photo/Public/2012/1202007/1202007_24/1202007_24-Icon.jpg</subfield>
  </datafield>
  <datafield tag="856" ind1="4" ind2=" ">
    <subfield code="8">2610055</subfield>
    <subfield code="s">563976</subfield>
    <subfield code="u">http://cds.cern.ch/record/1421667/files/1202007_24.jpg?subformat=icon-1440</subfield>
    <subfield code="x">icon-1440</subfield>
    <subfield code="z">CDSINTERNAL|MediaArchive|Migrated from: http://mediaarchive.cern.ch/MediaArchive/Photo/Public/2012/1202007/1202007_24/1202007_24-A4-at-144-dpi.jpg</subfield>
  </datafield>
  <datafield tag="856" ind1="4" ind2=" ">
    <subfield code="8">2610055</subfield>
    <subfield code="s">81653</subfield>
    <subfield code="u">http://cds.cern.ch/record/1421667/files/1202007_24.jpg?subformat=icon-720</subfield>
    <subfield code="x">icon-720</subfield>
    <subfield code="z">CDSINTERNAL|MediaArchive|Migrated from: http://mediaarchive.cern.ch/MediaArchive/Photo/Public/2012/1202007/1202007_24/1202007_24-A5-at-72-dpi.jpg</subfield>
  </datafield>
  <datafield tag="856" ind1="4" ind2=" ">
    <subfield code="8">2610056</subfield>
    <subfield code="s">10181</subfield>
    <subfield code="u">http://cds.cern.ch/record/1421667/files/1202007_19.jpg?subformat=icon-180</subfield>
    <subfield code="x">icon-180</subfield>
    <subfield code="z">CDSINTERNAL|MediaArchive|Migrated from: http://mediaarchive.cern.ch/MediaArchive/Photo/Public/2012/1202007/1202007_19/1202007_19-Icon.jpg</subfield>
  </datafield>
  <datafield tag="856" ind1="4" ind2=" ">
    <subfield code="8">2610056</subfield>
    <subfield code="s">426949</subfield>
    <subfield code="u">http://cds.cern.ch/record/1421667/files/1202007_19.jpg?subformat=icon-1440</subfield>
    <subfield code="x">icon-1440</subfield>
    <subfield code="z">CDSINTERNAL|MediaArchive|Migrated from: http://mediaarchive.cern.ch/MediaArchive/Photo/Public/2012/1202007/1202007_19/1202007_19-A4-at-144-dpi.jpg</subfield>
  </datafield>
  <datafield tag="856" ind1="4" ind2=" ">
    <subfield code="8">2610056</subfield>
    <subfield code="s">70747</subfield>
    <subfield code="u">http://cds.cern.ch/record/1421667/files/1202007_19.jpg?subformat=icon-720</subfield>
    <subfield code="x">icon-720</subfield>
    <subfield code="z">CDSINTERNAL|MediaArchive|Migrated from: http://mediaarchive.cern.ch/MediaArchive/Photo/Public/2012/1202007/1202007_19/1202007_19-A5-at-72-dpi.jpg</subfield>
  </datafield>
  <datafield tag="856" ind1="4" ind2=" ">
    <subfield code="8">2610057</subfield>
    <subfield code="s">344084</subfield>
    <subfield code="u">http://cds.cern.ch/record/1421667/files/1202007_20.jpg?subformat=icon-1440</subfield>
    <subfield code="x">icon-1440</subfield>
    <subfield code="z">CDSINTERNAL|MediaArchive|Migrated from: http://mediaarchive.cern.ch/MediaArchive/Photo/Public/2012/1202007/1202007_20/1202007_20-A4-at-144-dpi.jpg</subfield>
  </datafield>
  <datafield tag="856" ind1="4" ind2=" ">
    <subfield code="8">2610057</subfield>
    <subfield code="s">50108</subfield>
    <subfield code="u">http://cds.cern.ch/record/1421667/files/1202007_20.jpg?subformat=icon-720</subfield>
    <subfield code="x">icon-720</subfield>
    <subfield code="z">CDSINTERNAL|MediaArchive|Migrated from: http://mediaarchive.cern.ch/MediaArchive/Photo/Public/2012/1202007/1202007_20/1202007_20-A5-at-72-dpi.jpg</subfield>
  </datafield>
  <datafield tag="856" ind1="4" ind2=" ">
    <subfield code="8">2610057</subfield>
    <subfield code="s">7578</subfield>
    <subfield code="u">http://cds.cern.ch/record/1421667/files/1202007_20.jpg?subformat=icon-180</subfield>
    <subfield code="x">icon-180</subfield>
    <subfield code="z">CDSINTERNAL|MediaArchive|Migrated from: http://mediaarchive.cern.ch/MediaArchive/Photo/Public/2012/1202007/1202007_20/1202007_20-Icon.jpg</subfield>
  </datafield>
  <datafield tag="856" ind1="4" ind2=" ">
    <subfield code="8">2610058</subfield>
    <subfield code="s">10242</subfield>
    <subfield code="u">http://cds.cern.ch/record/1421667/files/1202007_16.jpg?subformat=icon-180</subfield>
    <subfield code="x">icon-180</subfield>
    <subfield code="z">CDSINTERNAL|MediaArchive|Migrated from: http://mediaarchive.cern.ch/MediaArchive/Photo/Public/2012/1202007/1202007_16/1202007_16-Icon.jpg</subfield>
  </datafield>
  <datafield tag="856" ind1="4" ind2=" ">
    <subfield code="8">2610058</subfield>
    <subfield code="s">460061</subfield>
    <subfield code="u">http://cds.cern.ch/record/1421667/files/1202007_16.jpg?subformat=icon-1440</subfield>
    <subfield code="x">icon-1440</subfield>
    <subfield code="z">CDSINTERNAL|MediaArchive|Migrated from: http://mediaarchive.cern.ch/MediaArchive/Photo/Public/2012/1202007/1202007_16/1202007_16-A4-at-144-dpi.jpg</subfield>
  </datafield>
  <datafield tag="856" ind1="4" ind2=" ">
    <subfield code="8">2610058</subfield>
    <subfield code="s">72163</subfield>
    <subfield code="u">http://cds.cern.ch/record/1421667/files/1202007_16.jpg?subformat=icon-720</subfield>
    <subfield code="x">icon-720</subfield>
    <subfield code="z">CDSINTERNAL|MediaArchive|Migrated from: http://mediaarchive.cern.ch/MediaArchive/Photo/Public/2012/1202007/1202007_16/1202007_16-A5-at-72-dpi.jpg</subfield>
  </datafield>
  <datafield tag="856" ind1="4" ind2=" ">
    <subfield code="8">2610059</subfield>
    <subfield code="s">367732</subfield>
    <subfield code="u">http://cds.cern.ch/record/1421667/files/1202007_12.jpg?subformat=icon-1440</subfield>
    <subfield code="x">icon-1440</subfield>
    <subfield code="z">CDSINTERNAL|MediaArchive|Migrated from: http://mediaarchive.cern.ch/MediaArchive/Photo/Public/2012/1202007/1202007_12/1202007_12-A4-at-144-dpi.jpg</subfield>
  </datafield>
  <datafield tag="856" ind1="4" ind2=" ">
    <subfield code="8">2610059</subfield>
    <subfield code="s">59302</subfield>
    <subfield code="u">http://cds.cern.ch/record/1421667/files/1202007_12.jpg?subformat=icon-720</subfield>
    <subfield code="x">icon-720</subfield>
    <subfield code="z">CDSINTERNAL|MediaArchive|Migrated from: http://mediaarchive.cern.ch/MediaArchive/Photo/Public/2012/1202007/1202007_12/1202007_12-A5-at-72-dpi.jpg</subfield>
  </datafield>
  <datafield tag="856" ind1="4" ind2=" ">
    <subfield code="8">2610059</subfield>
    <subfield code="s">9286</subfield>
    <subfield code="u">http://cds.cern.ch/record/1421667/files/1202007_12.jpg?subformat=icon-180</subfield>
    <subfield code="x">icon-180</subfield>
    <subfield code="z">CDSINTERNAL|MediaArchive|Migrated from: http://mediaarchive.cern.ch/MediaArchive/Photo/Public/2012/1202007/1202007_12/1202007_12-Icon.jpg</subfield>
  </datafield>
  <datafield tag="856" ind1="4" ind2=" ">
    <subfield code="8">2610060</subfield>
    <subfield code="s">322229</subfield>
    <subfield code="u">http://cds.cern.ch/record/1421667/files/1202007_18.jpg?subformat=icon-1440</subfield>
    <subfield code="x">icon-1440</subfield>
    <subfield code="z">CDSINTERNAL|MediaArchive|Migrated from: http://mediaarchive.cern.ch/MediaArchive/Photo/Public/2012/1202007/1202007_18/1202007_18-A4-at-144-dpi.jpg</subfield>
  </datafield>
  <datafield tag="856" ind1="4" ind2=" ">
    <subfield code="8">2610060</subfield>
    <subfield code="s">57299</subfield>
    <subfield code="u">http://cds.cern.ch/record/1421667/files/1202007_18.jpg?subformat=icon-720</subfield>
    <subfield code="x">icon-720</subfield>
    <subfield code="z">CDSINTERNAL|MediaArchive|Migrated from: http://mediaarchive.cern.ch/MediaArchive/Photo/Public/2012/1202007/1202007_18/1202007_18-A5-at-72-dpi.jpg</subfield>
  </datafield>
  <datafield tag="856" ind1="4" ind2=" ">
    <subfield code="8">2610060</subfield>
    <subfield code="s">9882</subfield>
    <subfield code="u">http://cds.cern.ch/record/1421667/files/1202007_18.jpg?subformat=icon-180</subfield>
    <subfield code="x">icon-180</subfield>
    <subfield code="z">CDSINTERNAL|MediaArchive|Migrated from: http://mediaarchive.cern.ch/MediaArchive/Photo/Public/2012/1202007/1202007_18/1202007_18-Icon.jpg</subfield>
  </datafield>
  <datafield tag="650" ind1="1" ind2="7">
    <subfield code="2">SzGeCERN</subfield>
    <subfield code="a">Life at CERN</subfield>
  </datafield>
  <datafield tag="340" ind1=" " ind2=" ">
    <subfield code="a">DIGITAL</subfield>
  </datafield>
  <datafield tag="245" ind1=" " ind2=" ">
    <subfield code="a">FameLab - Swiss Semi Finals</subfield>
  </datafield>
  <datafield tag="260" ind1=" " ind2=" ">
    <subfield code="c">2012</subfield>
  </datafield>
  <datafield tag="100" ind1=" " ind2=" ">
    <subfield code="a">Corinne Pralavorio</subfield>
  </datafield>
  <datafield tag="041" ind1=" " ind2=" ">
    <subfield code="a">eng</subfield>
  </datafield>
  <datafield tag="903" ind1=" " ind2=" ">
    <subfield code="s">public</subfield>
  </datafield>
  <datafield tag="960" ind1=" " ind2=" ">
    <subfield code="a">81</subfield>
  </datafield>
  <datafield tag="963" ind1=" " ind2=" ">
    <subfield code="a">PUBLIC</subfield>
  </datafield>
  <datafield tag="923" ind1=" " ind2=" ">
    <subfield code="r">Catapano P. &lt;paola.catapano@cern.ch></subfield>
  </datafield>
  <datafield tag="924" ind1=" " ind2=" ">
    <subfield code="b">01</subfield>
  </datafield>
</record>

</collection>